{"text_format":"3","workbook":"xlsx","n_sheets":1,"sheets":["OCTUBRE 2025"],"not_rendered":{"images":1,"defined_names":1},"read":"whole","date_system":"1900"}

{"sheet":"OCTUBRE 2025","index":0,"n_rows":510,"n_cols":9,"rows_kept":510,"merged":[[0,0,4,8],[5,0,5,8],[6,0,6,8],[7,0,7,8],[9,0,10,0],[9,1,10,1],[9,2,10,2],[9,3,10,3],[9,5,10,5],[9,6,10,6],[9,7,10,7],[9,8,10,8],[119,0,119,8],[139,0,139,8],[142,0,142,8],[267,0,267,8],[301,0,301,8],[351,0,351,8],[355,0,355,8],[403,0,403,8],[498,0,498,8],[504,0,504,7],[506,0,506,3],[506,7,506,8],[508,0,508,3],[508,6,508,8],[509,0,509,3],[509,6,509,8],[510,0,510,3],[510,6,510,8]]}
[]
[]
[]
[]
[]
["Instituto Dominicano para la Calidad "]
["Sección de Almacén y Suministro "]
["Inventario mes de Noviembre de 2025 "]
[]
["Periodo de Adquisición",null,"Código de Bienes Nacionales"," Código Institucional","Descripcion","UM ","Cantidad en Existencia","Costo Und","Costo Total Inventario"]
[{"$nulls":4},"Material Gastable"]
["N/A","N/A","N/A","G001","Armazón 8 1/2 X 11","UN",{"$f":"#REF!-#REF!","v":{"$error":"#REF!"}},{"v":406,"d":"RD$406.00"},{"$f":"G:G*H:H","v":{"$error":"#REF!"}}]
["N/A","N/A","N/A","G002","Armazón 8 1/2 X 14","UN",{"$f":"#REF!-#REF!","v":{"$error":"#REF!"}},{"v":450,"d":"RD$450.00"},{"$f":"G:G*H:H","v":{"$error":"#REF!"}}]
["Oct-Dic 2023","22/12/2023","N/A","G004","Carpeta 1\" blanca","UND",{"v":0,"d":"0.00"},{"v":206,"d":"RD$206.00"},{"$f":"G14*H14","v":{"v":0,"d":"RD$0.00"}}]
["Oct-Dic 2023","22/12/2023","N/A","G005","Carpeta 1\" azul","UND",{"v":0,"d":"0.00"},{"v":206,"d":"RD$206.00"},{"$f":"G15*H15","v":{"v":0,"d":"RD$0.00"}}]
["Oct-Dic 2024","2024-12-19","N/A","G006","Carpeta 2\" blanca","UND",{"v":0,"d":"0.00"},{"v":260,"d":"RD$260.00"},{"v":0,"d":"RD$0.00"}]
["Oct-Dic 2023","22/12/2023","N/A","G007","Carpeta 2\" azul","UND",{"v":3,"d":"3.00"},{"v":260,"d":"RD$260.00"},{"v":780,"d":"RD$780.00"}]
["Oct-Dic 2024","2024-12-19","N/A","G008","Carpeta 3\" blanca","UND",{"v":0,"d":"0.00"},{"v":365,"d":"RD$365.00"},{"v":0,"d":"RD$0.00"}]
["Abril-Jun 2025","2025-04-03","N/A","G009","Carpeta 3\" azul","UND",{"v":0,"d":"0.00"},{"v":365,"d":"RD$365.00"},{"v":0,"d":"RD$0.00"}]
["Abril-Jun 2024","2024-04-02","N/A","G010","Cera para contar","UND",{"v":28,"d":"28.00"},{"v":55,"d":"RD$55.00"},{"v":1540,"d":"RD$1,540.00"}]
["Abril-Jun 2025","2025-04-03","N/A","G011","Cinta adhesiva 2\"","UND",{"v":0,"d":"0.00"},{"v":172,"d":"RD$172.00"},{"v":0,"d":"RD$0.00"}]
["Abril-Jun 2025","2025-04-03","N/A","G012","Cinta adhesiva 3/4","UND",{"v":0,"d":"0.00"},{"v":84,"d":"RD$84.00"},{"v":0,"d":"RD$0.00"}]
["Oct-Dic 2023","22/12/2023","N/A","G013","Clips Billeteros grandes","CAJ",{"v":0,"d":"0.00"},{"v":175,"d":"RD$175.00"},{"v":0,"d":"RD$0.00"}]
["Oct-Dic 2024","2024-12-19","N/A","G014","Clips Billeteros medianos 32mm","CAJ",{"v":1,"d":"1.00"},{"v":59,"d":"RD$59.00"},{"v":59,"d":"RD$59.00"}]
["Oct-Dic 2024","2024-12-19","N/A","G015","Clips Billeteros pequeños","CAJ",{"v":24,"d":"24.00"},{"v":30,"d":"RD$30.00"},{"v":720,"d":"RD$720.00"}]
["Oct-Dic 2024","2024-12-19","N/A","G014","Clips Billeteros 25mm","CAJ",{"v":28,"d":"28.00"},{"v":59,"d":"RD$59.00"},{"v":1652,"d":"RD$1,652.00"}]
["Oct-Dic 2024","2024-12-19","N/A","G016","Clips grandes","PAQ",{"v":14,"d":"14.00"},{"v":64,"d":"RD$64.00"},{"v":896,"d":"RD$896.00"}]
["Oct-Dic 2023","22/12/2023","N/A","G017","Clips pequeños Colores","PAQ",{"v":27,"d":"27.00"},{"v":24,"d":"RD$24.00"},{"v":648,"d":"RD$648.00"}]
["Oct-Dic 2024","2024-12-19","N/A","N/A","Clips pequeño","PAQ",{"v":0,"d":"0.00"},{"v":8.47,"d":"RD$8.47"},{"v":0,"d":"RD$0.00"}]
["Oct-Dic 2024","2024-12-19","N/A","G018","Corrector liquido","UND",{"v":1,"d":"1.00"},{"v":82,"d":"RD$82.00"},{"v":82,"d":"RD$82.00"}]
["Oct-Dic 2024","2024-12-19","N/A","N/A","Corrector liquido broccha","UND",{"v":7,"d":"7.00"},{"v":19.16,"d":"RD$19.16"},{"v":134.12,"d":"RD$134.12"}]
["Oct-Dic 2024","2024-12-19","N/A","G019","Dispensador de cinta adhesiva","UND",{"v":10,"d":"10.00"},{"v":182,"d":"RD$182.00"},{"v":1820,"d":"RD$1,820.00"}]
["Oct-Dic 2023","22/12/2023","N/A","G020","Extensión eléctrica","UND",{"v":0,"d":"0.00"},{"v":522,"d":"RD$522.00"},{"v":0,"d":"RD$0.00"}]
["Oct-Dic 2024","2024-12-19","N/A","G021","Folder 8 1/2 X 11","UND",{"v":100,"d":"100.00"},{"v":5,"d":"RD$5.00"},{"v":500,"d":"RD$500.00"}]
["Oct-Dic 2024","2024-12-19","N/A","G022","Folder 8 1/2 X 14","UND",{"v":400,"d":"400.00"},{"v":5.63,"d":"RD$5.63"},{"v":2252,"d":"RD$2,252.00"}]
["Oct-Dic 2024","2024-12-19","N/A","G024","Folder Financiero","UND",{"v":0,"d":"0.00"},{"v":28.95,"d":"RD$28.95"},{"v":0,"d":"RD$0.00"}]
["Jul-Sept 2023","28/9/2023","N/A","G023","Folder con bolsillos Timbrado","UND",{"v":147,"d":"147.00"},{"v":55,"d":"RD$55.00"},{"v":8085,"d":"RD$8,085.00"}]
["Oct-Dic 2024","2024-12-19","N/A","N/A","Folder con bolsillos satinados","UND",{"v":100,"d":"100.00"},{"v":29.66,"d":"RD$29.66"},{"v":2966,"d":"RD$2,966.00"}]
["Oct-Dic 2024","2024-12-19","N/A","G024","Folder Financiero","UND",{"v":300,"d":"300.00"},{"v":60.05,"d":"RD$60.05"},{"v":18015,"d":"RD$18,015.00"}]
["Abril-Jun 2025","2025-04-03","N/A","G025","Folder pendaflex 8 1/2 X 11","UND",{"v":322,"d":"322.00"},{"v":6.76,"d":"RD$6.76"},{"v":2176.72,"d":"RD$2,176.72"}]
["Oct-Dic 2024","2024-12-19","N/A","G026","Folder pendaflex 8 1/2 X 14","UND",{"v":200,"d":"200.00"},{"v":5.55,"d":"RD$5.55"},{"v":1110,"d":"RD$1,110.00"}]
["Oct-Dic 2020","28/12/2020","N/A","G027","Folder Rojo","UND",{"v":0,"d":"0.00"},{"v":4,"d":"RD$4.00"},{"v":0,"d":"RD$0.00"}]
["Julio-sept 2019","2019-08-07","N/A","N/A","Folder Azul ","UN",{"v":0,"d":"0.00"},{"v":4,"d":"RD$4.00"},{"v":0,"d":"RD$0.00"}]
["abril-junio 2021","2021-06-23","N/A","N/A","Folder Amarillos ","UN",null,{"v":4,"d":"RD$4.00"},{"v":0,"d":"RD$0.00"}]
["N/A","N/A","N/A","G028","Folder Timbrado","UN",{"v":0,"d":"0.00"},{"v":40.6,"d":"RD$40.60"},{"v":0,"d":"RD$0.00"}]
["Oct-Dic 2024","2024-12-19","N/A","G029","Gancho para folders","CAJ",{"v":17,"d":"17.00"},{"v":42.37,"d":"RD$42.37"},{"v":720.29,"d":"RD$720.29"}]
["Oct-Dic 2024","2024-12-19","N/A","G030","Goma para borrar","UND",{"v":0,"d":"0.00"},{"v":27,"d":"RD$27.00"},{"v":0,"d":"RD$0.00"}]
["Oct-Dic 2024","2024-12-19","N/A","G031","Gomitas","CAJ",{"v":46,"d":"46.00"},{"v":42,"d":"RD$42.00"},{"v":1932,"d":"RD$1,932.00"}]
["N/A","N/A","N/A","G032","Grapa bostitch 1/2\"","CAJ",{"v":24,"d":"24.00"},{"v":35,"d":"RD$35.00"},{"v":840,"d":"RD$840.00"}]
["Oct-Dic 2024","2024-12-19","N/A","G033","Grapa estándar","CAJ",{"v":4,"d":"4.00"},{"v":27.11,"d":"RD$27.11"},{"v":108.44,"d":"RD$108.44"}]
["Abril-Jun 2016","2016-04-04","N/A","G034","Grapa para contabilidad","CAJ",{"v":113,"d":"113.00"},{"v":45,"d":"RD$45.00"},{"v":5085,"d":"RD$5,085.00"}]
["Oct-Dic 2024","2024-12-19","N/A","G035","Grapadora","UND",{"v":0,"d":"0.00"},{"v":265,"d":"RD$265.00"},{"v":0,"d":"RD$0.00"}]
["abril-junio 2014","2014-05-01","N/A","G036","Guillotina","UN",null,{"v":850,"d":"RD$850.00"},{"v":0,"d":"RD$0.00"}]
["Oct-Dic 2024","2024-12-19","N/A","G037","Labels para folders","CAJ",{"v":1,"d":"1.00"},{"v":65,"d":"RD$65.00"},{"v":65,"d":"RD$65.00"}]
["Abril-Jun 2024","2024-04-02","N/A","G038","Lapicero azul","UND",{"v":0,"d":"0.00"},{"v":13.08,"d":"RD$13.08"},{"v":0,"d":"RD$0.00"}]
["Abril-Junio 2022","2022-06-06","N/A","G039","Lapicero negro","UND",{"v":2,"d":"2.00"},{"v":14,"d":"RD$14.00"},{"v":28,"d":"RD$28.00"}]
["Abril-Junio 2022","2022-06-06","N/A","G040","Lapicero rojo","UND",{"v":0,"d":"0.00"},{"v":5,"d":"RD$5.00"},{"v":0,"d":"RD$0.00"}]
["Abril-Jun 2024","2024-04-02","N/A","G041","Lápiz de carbón","UND",{"v":100,"d":"100.00"},{"v":9.16,"d":"RD$9.16"},{"v":916,"d":"RD$916.00"}]
["abril-junio 2021","2021-06-23","N/A","G042","Libreta de mensajes telefónicos","UND",{"v":0,"d":"0.00"},{"v":120,"d":"RD$120.00"},{"v":0,"d":"RD$0.00"}]
["Abril-Jun 2025","2025-04-03","N/A","G043","Libreta rayada 5 X 8","UND",{"v":47,"d":"47.00"},{"v":35,"d":"RD$35.00"},{"v":1645,"d":"RD$1,645.00"}]
["Oct-Dic 2024","2024-12-19","N/A","G044","Libreta rayada 8 X 11","UND",{"v":48,"d":"48.00"},{"v":75,"d":"RD$75.00"},{"v":3600,"d":"RD$3,600.00"}]
["Oct-Dic 2024","2024-12-19","N/A","G045","Libro record 500 pag","UND",{"v":15,"d":"15.00"},{"v":385,"d":"RD$385.00"},{"v":5775,"d":"RD$5,775.00"}]
["Oct-Dic 2024","2024-12-19","N/A","N/A","Libro record 300 pag","UND",{"v":36,"d":"36.00"},{"v":305,"d":"RD$305.00"},{"v":10980,"d":"RD$10,980.00"}]
["Abril-Jun 2025","2025-04-03","N/A","G046","Marcador","UND",{"v":10,"d":"10.00"},{"v":60,"d":"RD$60.00"},{"v":600,"d":"RD$600.00"}]
["Abril-Jun 2025","2025-04-03","N/A","G047","Notas adhesivas 3X3","UND",{"v":28,"d":"28.00"},{"v":63,"d":"RD$63.00"},{"v":1764,"d":"RD$1,764.00"}]
["Oct-Dic 2023","2023-12-19","N/A","G048","Notas adhesivas 3X5","UND",{"v":387,"d":"387.00"},{"v":63.9,"d":"RD$63.90"},{"v":24729.3,"d":"RD$24,729.30"}]
["Oct-Dic 2024","2024-12-19","N/A","G049","Notas de firma","UND",{"v":79,"d":"79.00"},{"v":85,"d":"RD$85.00"},{"v":6715,"d":"RD$6,715.00"}]
["Oct-Dic 2024","2024-12-19","N/A","G050","Pegamento en barra","UND",{"v":35,"d":"35.00"},{"v":153,"d":"RD$153.00"},{"v":5355,"d":"RD$5,355.00"}]
["Abril-Jun 2024","2024-04-10","N/A","G051","Perforadora de 1 hoyo","UND",{"v":3,"d":"3.00"},{"v":85,"d":"RD$85.00"},{"v":255,"d":"RD$255.00"}]
["Oct-Dic 2024","2024-12-19","N/A","G052","Perforadora de 2 hoyos ","UND",{"v":0,"d":"0.00"},{"v":448.8,"d":"RD$448.80"},{"v":0,"d":"RD$0.00"}]
["Oct-Dic 2024","2024-12-19","N/A","G053","Perforadora de 3 hoyos","UND",{"v":0,"d":"0.00"},{"v":650,"d":"RD$650.00"},{"v":0,"d":"RD$0.00"}]
["Oct-Dic 2024","2024-12-19","N/A","G054","Pin (chinchetas)","UND",null,{"v":45,"d":"RD$45.00"},{"v":0,"d":"RD$0.00"}]
["Abril-Jun 2025","2025-04-03","N/A","G055","Porta Lápiz","UND",{"v":10,"d":"10.00"},{"v":125,"d":"RD$125.00"},{"v":1250,"d":"RD$1,250.00"}]
["Oct-Dic 2024","2024-12-19","N/A","G056","Porta tarjeta","UND",{"v":0,"d":"0.00"},{"v":255,"d":"RD$255.00"},{"v":0,"d":"RD$0.00"}]
["Oct-Dic 2024","2024-12-19","N/A","G058","Regla plástica","UND",{"v":0,"d":"0.00"},{"v":15,"d":"RD$15.00"},{"v":0,"d":"RD$0.00"}]
["Oct-Dic 2024","2024-12-19","N/A","G059","Regleta eléctrica","UND",{"v":0,"d":"0.00"},{"v":600,"d":"RD$600.00"},{"v":0,"d":"RD$0.00"}]
["Abril-Jun 2025","2025-04-03","N/A","G060","Resaltador ","UND",{"v":28,"d":"28.00"},{"v":60,"d":"RD$60.00"},{"v":1680,"d":"RD$1,680.00"}]
["Oct-Dic 2024","2024-12-19","N/A","G061","Saca grapa","UND",{"v":0,"d":"0.00"},{"v":43,"d":"RD$43.00"},{"v":0,"d":"RD$0.00"}]
["abril-junio 2021","2021-06-23","N/A","G062","Separadores Carpetas alfabéticos","UND",{"v":0,"d":"0.00"},{"v":174,"d":"RD$174.00"},{"v":0,"d":"RD$0.00"}]
["Jul-Sept 2023","2023-07-05","N/A","G063","Separadores para carpeta","UND",{"v":0,"d":"0.00"},{"v":80,"d":"RD$80.00"},{"v":0,"d":"RD$0.00"}]
["julio-sept. 2018","2018-08-06","N/A","G064","Separadores para carpeta Universal","UND",null,{"v":22.99,"d":"RD$22.99"},{"v":0,"d":"RD$0.00"}]
["Abril-Jun 2025","2025-04-03","N/A","G065","Sobre manila 9X12","UND",{"v":180,"d":"180.00"},{"v":6,"d":"RD$6.00"},{"$f":"G82*H82","v":{"v":1080,"d":"RD$1,080.00"}}]
["Oct-Dic 2024","2024-12-19","N/A","N/A","Sobre Manila 10x15","UND",null,null,{"v":0,"d":"RD$0.00"}]
["Oct-Dic 2024","2024-12-19","N/A","G066","Sobre manila 9X15","UND",{"v":677,"d":"677.00"},{"v":9,"d":"RD$9.00"},{"v":6093,"d":"RD$6,093.00"}]
["Oct-Dic 2024","2024-12-19","N/A","G067","Sobre manila timbrado 9X12","UND",{"v":289,"d":"289.00"},{"v":11.21,"d":"RD$11.21"},{"v":3239.69,"d":"RD$3,239.69"}]
["Oct-Dic 2024","2024-12-19","N/A","G068","Sobre manila timbrado 9X15","UND",{"v":0,"d":"0.00"},{"v":14.45,"d":"RD$14.45"},{"v":0,"d":"RD$0.00"}]
["Oct-Dic 2024","2024-12-19","N/A","G068","Sobre manila timbrado 9x15","UND",{"v":647,"d":"647.00"},{"v":15,"d":"RD$15.00"},{"v":9705,"d":"RD$9,705.00"}]
["Oct-Dic 2024","2024-12-19","N/A","G069","Sobre para carta timbrado","UND",{"v":1530,"d":"1,530.00"},{"v":4,"d":"RD$4.00"},{"v":6120,"d":"RD$6,120.00"}]
["Oct-Dic 2024","2024-12-19","N/A","G070","Sobre para cartas blanco","UND",{"v":2459,"d":"2,459.00"},{"v":2.57,"d":"RD$2.57"},{"v":6319.629999999999,"d":"RD$6,319.63"}]
["Abril-Jun 2025","2025-04-03","N/A","G071","Tablilla con gancho para apoyar","UND",{"v":27,"d":"27.00"},{"v":245,"d":"RD$245.00"},{"v":6615,"d":"RD$6,615.00"}]
["Oct-Dic 2024","2024-12-19","N/A","G072","Tijera","UND",{"v":0,"d":"0.00"},{"v":62,"d":"RD$62.00"},{"v":0,"d":"RD$0.00"}]
["Oct-Dic 2024","2024-12-19","N/A","G073","Gotero Tinta Azul","UND",{"v":2,"d":"2.00"},{"v":45,"d":"RD$45.00"},{"v":90,"d":"RD$90.00"}]
["Abril-Jun 2016","2016-06-08","N/A","G074","Tinta almohadilla negra","UND",{"v":3,"d":"3.00"},{"v":110,"d":"RD$110.00"},{"v":330,"d":"RD$330.00"}]
["Abril-Jun 2016","2016-06-08","N/A","G075","Tinta almohadilla roja","UND",{"v":1,"d":"1.00"},{"v":110,"d":"RD$110.00"},{"v":110,"d":"RD$110.00"}]
["Abril-Jun 2024","2024-04-02","N/A","G076","Folder c/bolsillo Azul Satinado 25/1","UND",null,{"v":66.84,"d":"RD$66.84"},{"v":0,"d":"RD$0.00"}]
["abril-jun 2016","1905-07-08","N/A","G078","Folder c/bolsillo Amarillo","UND",null,{"v":20,"d":"RD$20.00"},{"v":0,"d":"RD$0.00"}]
["Abril-Jun 2016","2016-06-08","N/A","G079","Folder c/bolsillo Rojo","UND",{"v":23,"d":"23.00"},{"v":20,"d":"RD$20.00"},{"v":460,"d":"RD$460.00"}]
["Jul-Sept 2023","28/9/2023","N/A","G080","Clip para Carnet","UND",{"v":245,"d":"245.00"},{"v":15.91,"d":"RD$15.91"},{"v":3897.95,"d":"RD$3,897.95"}]
["Abril-Jun 2024","2024-04-10","N/A","N/A","Lámina autoadhesiva para Carnet","PAQ",{"v":6,"d":"6.00"},{"v":258.6,"d":"RD$258.60"},{"v":1551.6000000000001,"d":"RD$1,551.60"}]
["Abril-Jun 2024","2024-04-10","N/A","N/A","Cordón para Carnet Azul 50/1","UND",{"v":13,"d":"13.00"},{"v":12.85,"d":"RD$12.85"},{"v":167.04999999999998,"d":"RD$167.05"}]
["Abril-Junio 2022","2022-06-06","N/A","G081","Lamina para Carnet 600/1","PAQ",{"v":5,"d":"5.00"},{"v":2288,"d":"RD$2,288.00"},{"v":11440,"d":"RD$11,440.00"}]
["Abril-Jun 2024","2024-04-10","N/A","N/A","Porta Carnet Plástico Vertical 5.5x 8.5 cm 50/1","UND",{"v":74,"d":"74.00"},{"v":11,"d":"RD$11.00"},{"v":814,"d":"RD$814.00"}]
["Jul-Sept 2023","28/9/2023","N/A","G082","Plastico PVC para Carnet","PAQ",{"v":4,"d":"4.00"},{"v":1050,"d":"RD$1,050.00"},{"v":4200,"d":"RD$4,200.00"}]
["Oct-Dic 2023","22/12/2023","N/A","N/A","Espirales para encuadernar 3/8","UND",{"v":900,"d":"900.00"},{"v":7.51,"d":"RD$7.51"},{"v":6759,"d":"RD$6,759.00"}]
["Oct-Dic 2023","22/12/2023","N/A","G083","Espirales para encuadernar 1/2","UND",{"v":100,"d":"100.00"},{"v":7.83,"d":"RD$7.83"},{"v":783,"d":"RD$783.00"}]
["Oct-Dic 2017","2017-10-20","N/A","G084","Libro de contabilidad de 6 columna","UND",{"v":0,"d":"0.00"},{"v":92.11,"d":"RD$92.11"},{"v":0,"d":"RD$0.00"}]
["Oct-Dic 2023","22/12/2023","N/A","N/A","Espirales para encuadernar 3/4","UND",{"v":400,"d":"400.00"},{"v":7.1,"d":"RD$7.10"},{"v":2840,"d":"RD$2,840.00"}]
["Ene-Marzo 2023","14/3/2023","N/A","N/A","Espirales para encuadernar 1","UND",{"v":400,"d":"400.00"},{"v":9.66,"d":"RD$9.66"},{"v":3864,"d":"RD$3,864.00"}]
["Abril-Jun 2025","2025-04-03","N/A","N/A","Bandeja de 3 niveles ","UND",{"v":7,"d":"7.00"},{"v":685,"d":"RD$685.00"},{"v":4795,"d":"RD$4,795.00"}]
["Oct-Dic 2024","2024-12-19","N/A","G085","Protectores de Hojas","PAQ",{"v":30,"d":"30.00"},{"v":225,"d":"RD$225.00"},{"v":6750,"d":"RD$6,750.00"}]
["abril-junio 2021","2021-06-23","N/A","G086","Borrador de Pizarra","UN",{"v":0,"d":"0.00"},{"v":75,"d":"RD$75.00"},{"v":0,"d":"RD$0.00"}]
["abril-junio 2021","2021-06-23","N/A","G086","Borrador de Pizarra","UN",{"v":0,"d":"0.00"},{"v":150,"d":"RD$150.00"},{"v":0,"d":"RD$0.00"}]
["Oct-Dic 2024","2024-12-19","N/A","G087","Marcadores para Pizarra","UND",{"v":23,"d":"23.00"},{"v":60,"d":"RD$60.00"},{"v":1380,"d":"RD$1,380.00"}]
["Ene-Mar 2024","25/03/2024","N/A","G088","Labels para CD ","PAQ",{"v":16,"d":"16.00"},{"v":520.62,"d":"RD$520.62"},{"v":8329.92,"d":"RD$8,329.92"}]
["Octu-Dic 2022","21/11/2022","N/A","G089","Folder Partion 8 1/2 x 11 6 divisiones ","CAJ",null,{"v":4000,"d":"RD$4,000.00"},{"v":0,"d":"RD$0.00"}]
["abril-junio 2021","23/6/2021","N/A","G090","Sobre para CD","UND",{"v":85,"d":"85.00"},{"v":1,"d":"RD$1.00"},{"v":85,"d":"RD$85.00"}]
["abril-jun 2016","1905-07-08","N/A","G091","Libro de contabilidad 10 columna","UN",null,{"v":240,"d":"RD$240.00"},{"v":0,"d":"RD$0.00"}]
["Oct-Dic 2024","2024-12-19","N/A","N/A","Saca Puntas ","UND",{"v":0,"d":"0.00"},{"v":12,"d":"RD$12.00"},{"v":0,"d":"RD$0.00"}]
["N/A","N/A","N/A","Guantes Pesas","Guantes de Pesas GYBK EWGIM112","UN",0,125,{"$f":"G:G*H:H","v":0}]
["Papel de Escritorio"]
["Oct-Dic 2020","30/12/2020","N/A","P001","Papel A4","RES",{"v":7,"d":"7.00"},{"v":216.1,"d":"RD$216.10"},{"$f":"+G121*H121","v":{"v":1512.7,"d":"RD$1,512.70"}}]
["Julio-sept 2021","2021-08-05","N/A","N/A","Papel bond 8 1/2 X 11 Timbrada Metrologia ","RES",{"v":5,"d":"5.00"},{"v":797.5,"d":"RD$797.50"},{"$f":"+G122*H122","v":{"v":3987.5,"d":"RD$3,987.50"}}]
["Abril-Jun 2025","2025-04-03","N/A","P002","Papel bond 8 1/2 X 11","RES",{"v":33,"d":"33.00"},{"v":470,"d":"RD$470.00"},{"v":15510,"d":"RD$15,510.00"}]
["Ene-Mar 2024","14/2/2024","N/A","P003","Papel bond 8 1/2 X 11 Timbrada","RES",{"v":0,"d":"0.00"},{"v":797.5,"d":"RD$797.50"},{"v":0,"d":"RD$0.00"}]
["Ene-Mar 2023","2023-01-31","N/A","P004","Papel bond 8 1/2 X 14","RES",null,{"v":385,"d":"RD$385.00"},{"v":0,"d":"RD$0.00"}]
["ene-mar 2021","2021-03-31","N/A","P005","Papel carbón","PAQ",null,{"v":119.99,"d":"RD$119.99"},{"v":0,"d":"RD$0.00"}]
["Ene-Mar 2024","25/03/2024","N/A","P004","Papel bond 8 1/2 X 14","RES",{"v":13,"d":"13.00"},{"v":464.5,"d":"RD$464.50"},{"v":6038.5,"d":"RD$6,038.50"}]
["Abril-Jun 2022","30/5/2022","N/A","N/A","Papel Cartulina 12 1 cara 8 1/2 x 11 500/1","RES",{"v":0,"d":"0.00"},{"v":1087.12,"d":"RD$1,087.12"},{"v":0,"d":"RD$0.00"}]
["ene-mar 2015","2015-03-01","N/A","P006","Papel cartonite","PAQ",null,{"v":850,"d":"RD$850.00"},{"v":0,"d":"RD$0.00"}]
["abril-jun 2016","1905-07-08","N/A","P007","Papel de forma continua 9 1/2 X 11","CAJ",null,{"v":642.27,"d":"RD$642.27"},{"v":0,"d":"RD$0.00"}]
["Oct-Dic 2022","2022-10-28","N/A","P008","Papel de forma continua 9 1/2 X 5 1/2","CAJ",null,{"v":498,"d":"RD$498.00"},{"v":0,"d":"RD$0.00"}]
["abril-jun 2019","4/15/219","N/A","P008","Papel de forma continua 9 1/2 X 5 1/2","CAJ",null,{"v":644.06,"d":"RD$644.06"},{"v":0,"d":"RD$0.00"}]
["Ene-Mar 2015","2015-03-01","N/A","P006","Papel cartonite","RES",{"v":4,"d":"4.00"},{"v":850,"d":"RD$850.00"},{"v":3400,"d":"RD$3,400.00"}]
["Ene-Mar 2024","25/03/2024","N/A","P008","Papel de forma continua 9 1/2 x 5 1/2","CAJ",{"v":0,"d":"0.00"},{"v":957,"d":"RD$957.00"},{"v":0,"d":"RD$0.00"}]
["Oct-Dic 2024","2024-12-23","N/A","P009","Papel en hilo blanco 8 1/2 X 11","RES",{"v":8,"d":"8.00"},{"v":730,"d":"RD$730.00"},{"v":5840,"d":"RD$5,840.00"}]
["abril-jun 2016","1905-07-08","N/A","P010","Papel en hilo crema 8 1/2 X 11","RES",null,{"v":400,"d":"RD$400.00"},{"v":0,"d":"RD$0.00"}]
["Oct-Dic 2024","2024-12-23","N/A","N/A","Rollo Térmico 3 1/8 ","UND",{"v":75,"d":"75.00"},{"v":52,"d":"RD$52.00"},{"v":3900,"d":"RD$3,900.00"}]
["Ene-Mar 2024","25/03/2024","N/A","P011","Rollo papel para sumadora","UND",{"v":308,"d":"308.00"},{"v":26,"d":"RD$26.00"},{"v":8008,"d":"RD$8,008.00"}]
["ene-mar 2018","2018-03-07","N/A","P012","Papel A4 210 X 197mm","PAQ",null,{"v":125,"d":"RD$125.00"},{"$f":"G:G*H:H","v":{"v":0,"d":"RD$0.00"}}]
[]
[35,2016,"N/A","T001","Cartucho canon bx-3 negro","UN",null,{"v":1250,"d":"RD$1,250.00"},{"$f":"G:G*H:H","v":{"v":0,"d":"RD$0.00"}}]
[{"$nulls":4},"Rollo papel para sumadora","UN",null,{"v":26,"d":"RD$26.00"},{"$f":"G142*H142","v":{"v":0,"d":"RD$0.00"}}]
["Cartuchos y Toners"]
["Ene-Mar 2025","2025-02-03","N/A","T002","Cartucho HP 122 C","UND",{"v":0,"d":"0.00"},{"v":875.87,"d":"RD$875.87"},{"$f":"+G144*H144","v":{"v":0,"d":"RD$0.00"}}]
["Ene-Mar 2025","2025-02-03","N/A","T003","Cartucho HP 122 N","UND",{"v":0,"d":"0.00"},{"v":722.05,"d":"RD$722.05"},{"$f":"+G145*H145","v":{"v":0,"d":"RD$0.00"}}]
["N/A","N/A","N/A","T004","Cartucho HP 15","UND",null,{"v":1300,"d":"RD$1,300.00"},{"v":0,"d":"RD$0.00"}]
["N/A","N/A","N/A","T005","Cartucho HP 17","UND",null,{"v":1550,"d":"RD$1,550.00"},{"v":0,"d":"RD$0.00"}]
["Oct-Dic 2022","2022-12-15","N/A","T003","Cartucho HP 122 N","UND",null,{"v":855.09,"d":"RD$855.09"},{"v":0,"d":"RD$0.00"}]
["Oct-Dic 2022","2022-12-15","N/A","T006","Cartucho HP 21","UND",{"v":0,"d":"0.00"},{"v":1475,"d":"RD$1,475.00"},{"v":0,"d":"RD$0.00"}]
["Oct-Dic 2022","2022-12-15","N/A","T007","Cartucho HP 22","UND",{"v":0,"d":"0.00"},{"v":2050,"d":"RD$2,050.00"},{"v":0,"d":"RD$0.00"}]
["N/A","N/A","N/A","T008","Cartucho HP 45","UND",{"v":0,"d":"0.00"},{"v":1310,"d":"RD$1,310.00"},{"v":0,"d":"RD$0.00"}]
["Oct-Dic 2022","2022-12-15","N/A","T009","Cartucho HP 60 color","UND",{"v":0,"d":"0.00"},{"v":1453.68,"d":"RD$1,453.68"},{"v":0,"d":"RD$0.00"}]
["Oct-Dic 2022","2022-12-15","N/A","T010","Cartucho HP 60 negro","UND",{"v":0,"d":"0.00"},{"v":1217.88,"d":"RD$1,217.88"},{"v":0,"d":"RD$0.00"}]
["Oct-Dic 2022","2022-12-15","N/A","T011","Cartucho HP 78","UND",null,{"v":1200,"d":"RD$1,200.00"},{"v":0,"d":"RD$0.00"}]
["ene-mar 2017","2017-02-23","N/A","T012","Cartucho HP 920 amarillo","UND",null,{"v":1950,"d":"RD$1,950.00"},{"v":0,"d":"RD$0.00"}]
["ene-mar 2017","2017-02-23","N/A","T013","Cartucho HP 920 cyan","UND",null,{"v":1950,"d":"RD$1,950.00"},{"v":0,"d":"RD$0.00"}]
["ene-mar 2017","2017-02-23","N/A","T014","Cartucho HP 920 magenta","UND",null,{"v":1950,"d":"RD$1,950.00"},{"v":0,"d":"RD$0.00"}]
["N/A","N/A","N/A","T015","Cartucho HP 920 negro","UND",{"v":0,"d":"0.00"},{"v":1750,"d":"RD$1,750.00"},{"v":0,"d":"RD$0.00"}]
["abril-jun 2018","2017-02-23","N/A","T016","Cartucho HP 96","UND",null,{"v":2100,"d":"RD$2,100.00"},{"v":0,"d":"RD$0.00"}]
[180,"2017-02-23","N/A","T017","Cartucho HP 97","UND",null,{"v":2300,"d":"RD$2,300.00"},{"v":0,"d":"RD$0.00"}]
["N/A","N/A","N/A","T018","Cartucho HP 98","UND",{"v":0,"d":"0.00"},{"v":1800,"d":"RD$1,800.00"},{"v":0,"d":"RD$0.00"}]
["N/A","N/A","N/A","T019","Cartucho LEXM 16","UND",{"v":0,"d":"0.00"},{"v":2100,"d":"RD$2,100.00"},{"v":0,"d":"RD$0.00"}]
["N/A","N/A","N/A","T020","Cartucho LEXM 17","UND",{"v":0,"d":"0.00"},{"v":2000,"d":"RD$2,000.00"},{"v":0,"d":"RD$0.00"}]
["N/A","N/A","N/A","T021","Cartucho LEXM 26","UND",{"v":0,"d":"0.00"},{"v":2300,"d":"RD$2,300.00"},{"v":0,"d":"RD$0.00"}]
["Ene-Mar 2025","2025-02-03","N/A","T011","Toner Hp 278A","UND",{"v":53,"d":"53.00"},{"v":4180.15,"d":"RD$4,180.15"},{"v":221547.94999999998,"d":"RD$221,547.95"}]
["Oct-Dic 2020","2020-12-28","N/A","T022","CD","UND",{"v":195,"d":"195.00"},{"v":13,"d":"RD$13.00"},{"v":2535,"d":"RD$2,535.00"}]
["Oct-Dic 2020","2020-12-28","N/A","T023","DVD","UND",{"v":100,"d":"100.00"},{"v":13.99,"d":"RD$13.99"},{"v":1399,"d":"RD$1,399.00"}]
["oct- dic 2020","2020-12-28","N/A","T023","DVD","UND",null,{"v":13.99,"d":"RD$13.99"},{"v":0,"d":"RD$0.00"}]
["Ene- Mar 2022","2022-03-31","N/A","T024","Cinta Brother ax10 177","UND",null,{"v":295,"d":"RD$295.00"},{"v":0,"d":"RD$0.00"}]
["N/A","N/A","N/A","T025","Cinta de maquina sumadora","UND",{"v":0,"d":"0.00"},{"v":39,"d":"RD$39.00"},{"v":0,"d":"RD$0.00"}]
["Abril-Jun 2024","28/5/2024","N/A","T026","Cinta Epson 8750","UND",{"v":4,"d":"4.00"},{"v":337,"d":"RD$337.00"},{"v":1348,"d":"RD$1,348.00"}]
["abril-jun 2015","1905-07-07","N/A","T027","Cinta olivetti ET 121","UND",null,{"v":220,"d":"RD$220.00"},{"v":0,"d":"RD$0.00"}]
["abril-jun 2015","1905-07-07","N/A","T028","Cinta unitype royal alpha 600","UND",null,{"v":120,"d":"RD$120.00"},{"v":0,"d":"RD$0.00"}]
["N/A","N/A","N/A","T029","Mouse óptico","UND",null,{"v":350,"d":"RD$350.00"},{"v":0,"d":"RD$0.00"}]
["abril-jun 2018","2017-02-23","N/A","T030","Tóner Brother 7440 TN 360","UND",null,{"v":5800,"d":"RD$5,800.00"},{"v":0,"d":"RD$0.00"}]
["abril-jun 2015","1905-07-07","N/A","T031","Tóner C7115A","UND",null,{"v":3550,"d":"RD$3,550.00"},{"v":0,"d":"RD$0.00"}]
["abril-jun 2018","2018-07-07","N/A","T032","Tóner Canon FX-9 (104)","UND",{"v":0,"d":"0.00"},{"v":1500,"d":"RD$1,500.00"},{"v":0,"d":"RD$0.00"}]
["N/A","N/A","N/A","T033","Tóner Cartridge (Sharp/Xerox)","UND",{"v":0,"d":"0.00"},{"v":4500,"d":"RD$4,500.00"},{"v":0,"d":"RD$0.00"}]
["abril- junio 2021","2021-05-04","N/A","T034","Tóner CF350","UND",null,{"v":3143.12,"d":"RD$3,143.12"},{"v":0,"d":"RD$0.00"}]
["abril- junio 2021","2021-05-04","N/A","T035","Tóner CF351","UND",null,{"v":3241.57,"d":"RD$3,241.57"},{"v":0,"d":"RD$0.00"}]
["abril- junio 2021","2021-05-04","N/A","T036","Tóner CF352","UND",null,{"v":3241.57,"d":"RD$3,241.57"},{"v":0,"d":"RD$0.00"}]
["abril- junio 2021","2021-05-04","N/A","T037","Tóner CF353","UND",null,{"v":3241.57,"d":"RD$3,241.57"},{"v":0,"d":"RD$0.00"}]
["Jul-Sept 2023","2023-01-09","N/A","T038","Tóner CC530A","UND",{"v":0,"d":"0.00"},{"v":1420.38,"d":"RD$1,420.38"},{"v":0,"d":"RD$0.00"}]
["Jul-Sept 2023","2023-01-09","N/A","T039","Tóner CC531A","UND",{"v":0,"d":"0.00"},{"v":1420.38,"d":"RD$1,420.38"},{"v":0,"d":"RD$0.00"}]
["Jul-Sept 2023","2023-01-09","N/A","T040","Tóner CC532A","UND",{"v":0,"d":"0.00"},{"v":1420.38,"d":"RD$1,420.38"},{"v":0,"d":"RD$0.00"}]
["Jul-Sept 2023","2023-01-09","N/A","T041","Tóner CC533A","UND",{"v":0,"d":"0.00"},{"v":1420.38,"d":"RD$1,420.38"},{"v":0,"d":"RD$0.00"}]
["abril- junio 2021","2023-01-09","N/A","T043","Tóner Q7553A","UND",{"v":0,"d":"0.00"},{"v":5700,"d":"RD$5,700.00"},{"v":0,"d":"RD$0.00"}]
["abril- junio 2021","2021-05-04","N/A","T044","Tóner Toshiba Studio 2320","UND",null,{"v":7500,"d":"RD$7,500.00"},{"v":0,"d":"RD$0.00"}]
["Oct-Dic 2022","2022-12-15","N/A","T041","Tóner CC533A","UND",null,{"v":1377.97,"d":"RD$1,377.97"},{"v":0,"d":"RD$0.00"}]
["Abril-Jun 2024","2024-05-28","N/A","T045","Tóner HP CF210A","UND",{"v":0,"d":"0.00"},{"v":1950,"d":"RD$1,950.00"},{"v":0,"d":"RD$0.00"}]
["Abril-Jun 2024","2024-05-28","N/A","T046","Tóner HP CF211A","UND",{"v":0,"d":"0.00"},{"v":1950,"d":"RD$1,950.00"},{"v":0,"d":"RD$0.00"}]
["Abril-Jun 2024","2024-05-28","N/A","T047","Tóner HP CF212A","UND",{"v":0,"d":"0.00"},{"v":1950,"d":"RD$1,950.00"},{"v":0,"d":"RD$0.00"}]
["Abril-Jun 2024","2024-05-28","N/A","T048","Tóner HP CF213A","UND",{"v":0,"d":"0.00"},{"v":1950,"d":"RD$1,950.00"},{"v":0,"d":"RD$0.00"}]
["jul-sep 2019","2019-08-30","N/A","T049","Tóner HP CE320A","UND",{"v":0,"d":"0.00"},{"v":3220.64,"d":"RD$3,220.64"},{"v":0,"d":"RD$0.00"}]
["oct-dic 2020","2020-10-12","N/A","T050","Tóner HP CE321A","UND",null,{"v":3762.94,"d":"RD$3,762.94"},{"v":0,"d":"RD$0.00"}]
["oct-dic 2020","2020-10-12","N/A","T051","Tóner HP CE322A","UND",null,{"v":3762.94,"d":"RD$3,762.94"},{"v":0,"d":"RD$0.00"}]
["jul-sep 2019","2019-08-30","N/A","T052","Tóner HP CE323A","UND",null,{"v":3063.61,"d":"RD$3,063.61"},{"v":0,"d":"RD$0.00"}]
["abril-jun 2018","2017-02-23","N/A","T054","Tóner HP CE310A","UND",null,{"v":2006,"d":"RD$2,006.00"},{"v":0,"d":"RD$0.00"}]
["abril-jun 2018","2017-02-23","N/A","T055","Tóner HP CE311A","UND",null,{"v":2006,"d":"RD$2,006.00"},{"v":0,"d":"RD$0.00"}]
["abril-jun 2018","2017-02-23","N/A","T056","Tóner HP CE312A","UND",null,{"v":2006,"d":"RD$2,006.00"},{"v":0,"d":"RD$0.00"}]
["abril-jun 2018","2017-02-23","N/A","T057","Tóner HP CE313A","UND",null,{"v":2006,"d":"RD$2,006.00"},{"v":0,"d":"RD$0.00"}]
["julio-sept. 2018","2018-08-24","N/A","T058","Cartucho HP 564 negro","UND",null,{"v":853.85,"d":"RD$853.85"},{"v":0,"d":"RD$0.00"}]
["julio-sept. 2018","2018-08-24","N/A","T059","Cartucho HP 564 amarillo","UND",null,{"v":720.78,"d":"RD$720.78"},{"v":0,"d":"RD$0.00"}]
["julio-sept. 2018","2018-08-24","N/A","T060","Cartucho HP 564 azul","UND",null,{"v":720.78,"d":"RD$720.78"},{"v":0,"d":"RD$0.00"}]
["julio-sept. 2018","2018-08-24","N/A","T061","Cartucho HP 564 magenta","UND",null,{"v":720.78,"d":"RD$720.78"},{"v":0,"d":"RD$0.00"}]
["abril-jun 2018","2018-08-04","N/A","N/A","Cartucho HP 61 Color","UND",null,{"v":1190,"d":"RD$1,190.00"},{"v":0,"d":"RD$0.00"}]
["abril-jun 2018","2018-08-04","N/A","N/A","Cartucho HP 61 negro","UND",null,{"v":1030,"d":"RD$1,030.00"},{"v":0,"d":"RD$0.00"}]
["ene-mar 2017","2017-02-23","N/A","T062","Tóner Ricoh 2120","UND",null,{"v":2360,"d":"RD$2,360.00"},{"v":0,"d":"RD$0.00"}]
["jul-sep 2019","2019-08-30","N/A","T063","Cartucho HP 950 negro","UND",null,{"v":1336.03,"d":"RD$1,336.03"},{"$f":"+G209*H209","v":{"v":0,"d":"RD$0.00"}}]
["jul-sep 2019","2019-08-30","N/A","T064","Cartucho HP 951 cyan","UND",null,{"v":952.04,"d":"RD$952.04"},{"v":0,"d":"RD$0.00"}]
["jul-sep 2019","2019-08-30","N/A","T065","Cartucho HP 951 magenta","UND",null,{"v":952.04,"d":"RD$952.04"},{"v":0,"d":"RD$0.00"}]
["jul-sep 2019","2019-08-30","N/A","T066","Cartucho HP 951 Amarillo","UND",null,{"v":952.04,"d":"RD$952.04"},{"v":0,"d":"RD$0.00"}]
["Ene-Mar 2025","2025-02-03","N/A","T067","Toner HP CE285A","UND",{"v":4,"d":"4.00"},{"v":3581.16,"d":"RD$3,581.16"},{"v":14324.64,"d":"RD$14,324.64"}]
["Oct-Dic 2022","2022-12-15","N/A","T068","Toner HP CF280A","UND",{"v":0,"d":"0.00"},{"v":2100,"d":"RD$2,100.00"},{"v":0,"d":"RD$0.00"}]
["abril-jun 2016","1905-07-08","N/A","T069","Toner Toshiba T-1640E","UND",null,{"v":6000,"d":"RD$6,000.00"},{"v":0,"d":"RD$0.00"}]
["Oct-Dic 2022","2022-12-15","N/A","T068","Toner HP CE280A","UND",null,{"v":2100,"d":"RD$2,100.00"},{"v":0,"d":"RD$0.00"}]
["Ene-Mar 2025","2025-02-03","N/A","T070","Cartucho Canon 210 Negro","UND",{"v":27,"d":"27.00"},{"v":1220.28,"d":"RD$1,220.28"},{"v":32947.56,"d":"RD$32,947.56"}]
["Ene-Mar 2025","2025-02-03","N/A","T071","Cartucho Canon 211 Color","UND",{"v":26,"d":"26.00"},{"v":1766.44,"d":"RD$1,766.44"},{"v":45927.44,"d":"RD$45,927.44"}]
["abril- junio 2021","2021-05-04","N/A","T072","Toner HP CF410A","UND",null,{"v":6936.41,"d":"RD$6,936.41"},{"v":0,"d":"RD$0.00"}]
["abril-jun 2016","1905-07-08","N/A","T073","Cinta Brother 188","UND",null,{"v":257,"d":"RD$257.00"},{"v":0,"d":"RD$0.00"}]
["jul-sep 2019","2019-08-30","N/A","TONER HP","Toner HP CF 411A Cyan","UND",null,{"v":7362.94,"d":"RD$7,362.94"},{"v":0,"d":"RD$0.00"}]
["ene-mar 2019","2019-02-14","N/A","TONER HP","Toner HP CF 412A Amarillo","UND",null,{"v":6936.41,"d":"RD$6,936.41"},{"v":0,"d":"RD$0.00"}]
["abril- junio 2021","2021-05-04","N/A","TONER HP","Toner HP CF 413A Magenta","UND",null,{"v":6936.41,"d":"RD$6,936.41"},{"v":0,"d":"RD$0.00"}]
["Oct-Dic 2022","2022-12-15","N/A","T071","Cartucho Canon 211 Negro","UND",null,{"v":1495,"d":"RD$1,495.00"},{"v":0,"d":"RD$0.00"}]
["Oct-Dic 2022","2022-12-15","N/A","N/A","CF400A Negro","UND",{"v":0,"d":"0.00"},{"v":1420,"d":"RD$1,420.00"},{"v":0,"d":"RD$0.00"}]
["Oct-Dic 2022","2022-12-15","N/A","N/A","CF401A Azul","UND",{"v":0,"d":"0.00"},{"v":1420,"d":"RD$1,420.00"},{"v":0,"d":"RD$0.00"}]
["Oct-Dic 2022","2022-12-15","N/A","N/A","CF402A Amarillo","UND",{"v":0,"d":"0.00"},{"v":1420,"d":"RD$1,420.00"},{"v":0,"d":"RD$0.00"}]
["Oct-Dic 2022","2022-12-15","N/A","N/A","CF403A Magenta","UND",{"v":0,"d":"0.00"},{"v":1420,"d":"RD$1,420.00"},{"v":0,"d":"RD$0.00"}]
["Ene-Mar 2025","2025-02-03","N/A","N/A","Cinta Zebra ","UND",{"v":3,"d":"3.00"},{"v":2684.41,"d":"RD$2,684.41"},{"v":8053.23,"d":"RD$8,053.23"}]
["Jul-Sept 2023","2023-09-01","N/A","N/A","EPSON 504  NEGRO","UND",{"v":0,"d":"0.00"},{"v":350,"d":"RD$350.00"},{"v":0,"d":"RD$0.00"}]
["Jul-Sept 2023","2023-09-01","N/A","N/A","EPSON 504  MAGENTA ","UND",{"v":0,"d":"0.00"},{"v":350,"d":"RD$350.00"},{"v":0,"d":"RD$0.00"}]
["Jul-Sept 2023","2023-09-01","N/A","N/A","EPSON 504  YELOW","UND",{"v":0,"d":"0.00"},{"v":350,"d":"RD$350.00"},{"v":0,"d":"RD$0.00"}]
["Jul-Sept 2023","2023-09-01","N/A","N/A","EPSON 504  CYAN","UND",{"v":0,"d":"0.00"},{"v":350,"d":"RD$350.00"},{"v":0,"d":"RD$0.00"}]
["Ene-Mar 2025","2025-02-03","N/A","N/A","EPSON 544 NEGRO","UND",{"v":3,"d":"3.00"},{"v":350,"d":"RD$350.00"},{"v":1050,"d":"RD$1,050.00"}]
["Ene-Mar 2025","2025-02-03","N/A","N/A","EPSON 544 MAGENTA","UND",{"v":57,"d":"57.00"},{"v":350,"d":"RD$350.00"},{"v":19950,"d":"RD$19,950.00"}]
["Ene-Mar 2025","2025-02-03","N/A","N/A","EPSON 544 YELLOW","UND",{"v":53,"d":"53.00"},{"v":350,"d":"RD$350.00"},{"v":18550,"d":"RD$18,550.00"}]
["Ene-Mar 2025","2025-02-03","N/A","N/A","EPSON 544 CYAN","UND",{"v":31,"d":"31.00"},{"v":350,"d":"RD$350.00"},{"v":10850,"d":"RD$10,850.00"}]
["julio-sept. 2018","2018-08-24","N/A","N/A","CANON 190 -  NEGRO","UND",null,{"v":385.92,"d":"RD$385.92"},{"v":0,"d":"RD$0.00"}]
["julio-sept. 2018","2018-08-24","N/A","N/A","CANON 190 - AMARILLO","UND",null,{"v":385.92,"d":"RD$385.92"},{"v":0,"d":"RD$0.00"}]
["julio-sept. 2018","2018-08-24","N/A","N/A","CANON 190 - CYAN ","UND",null,{"v":385.92,"d":"RD$385.92"},{"v":0,"d":"RD$0.00"}]
["julio-sept. 2018","2018-08-24","N/A","N/A","CANON 190 - MAGENTA ","UND",null,{"v":385.92,"d":"RD$385.92"},{"v":0,"d":"RD$0.00"}]
["Oct-Dic 2022","2022-12-15","N/A","N/A","EPSON 544 CYAN","UND",null,{"v":350,"d":"RD$350.00"},{"v":0,"d":"RD$0.00"}]
["Ene-Mar 2025","2025-02-03","N/A","N/A","Tinta Epson T11A1 Negro","UND",{"v":5,"d":"5.00"},{"v":2036.94,"d":"RD$2,036.94"},{"v":10184.7,"d":"RD$10,184.70"}]
["Ene-Mar 2025","2025-02-03","N/A","N/A","Tinta Epson T11A2 Cyan","UND",{"v":16,"d":"16.00"},{"v":3436.72,"d":"RD$3,436.72"},{"v":54987.52,"d":"RD$54,987.52"}]
["Ene-Mar 2025","2025-02-03","N/A","N/A","Tinta Epson T11A3 Magenta","UND",{"v":15,"d":"15.00"},{"v":3436.72,"d":"RD$3,436.72"},{"v":51550.799999999996,"d":"RD$51,550.80"}]
["Ene-Mar 2025","2025-02-03","N/A","N/A","Tinta Epson T11A4 Amarillo","UND",{"v":24,"d":"24.00"},{"v":3436.72,"d":"RD$3,436.72"},{"v":82481.28,"d":"RD$82,481.28"}]
["Ene-Mar 2025","2025-02-03","N/A","N/A","HP LASERJET CF283A BLACK","UND",{"v":0,"d":"0.00"},{"v":3884.41,"d":"RD$3,884.41"},{"v":0,"d":"RD$0.00"}]
["Oct-Dic 2022","2022-12-15","N/A","N/A","HP LASERJET CF226X","UND",{"v":2,"d":"2.00"},{"v":2350,"d":"RD$2,350.00"},{"v":4700,"d":"RD$4,700.00"}]
["Ene-Mar 2025","2025-02-03","N/A","N/A","HP Laserjet Toner 202A (CF500A) Black ","UND",{"v":0,"d":"0.00"},{"v":3591.68,"d":"RD$3,591.68"},{"v":0,"d":"RD$0.00"}]
["Ene-Mar 2025","2025-02-03","N/A","N/A","HP Laserjet TONER 202A (CF501A) Cyan ","UND",{"v":0,"d":"0.00"},{"v":4235.49,"d":"RD$4,235.49"},{"v":0,"d":"RD$0.00"}]
["Ene-Mar 2025","2025-02-03","N/A","N/A","HP Laserjet TONER 202A (CF502A) Yellow ","UND",{"v":0,"d":"0.00"},{"v":4235.49,"d":"RD$4,235.49"},{"v":0,"d":"RD$0.00"}]
["Ene-Mar 2025","2025-02-03","N/A","N/A","HP Laserjet Toner 202A (CF503A) Magenta  ","UND",{"v":0,"d":"0.00"},{"v":4235.49,"d":"RD$4,235.49"},{"v":0,"d":"RD$0.00"}]
["Oct-Dic 2022","2022-12-15","N/A","N/A","TONER HP 58A","UND",{"v":0,"d":"0.00"},{"v":3100,"d":"RD$3,100.00"},{"v":0,"d":"RD$0.00"}]
["Oct-Dic 2022","2022-12-15","N/A","N/A","TONER HP 414A BLACK ","UND",{"v":0,"d":"0.00"},{"v":3400,"d":"RD$3,400.00"},{"v":0,"d":"RD$0.00"}]
["Oct-Dic 2022","2022-12-15","N/A","N/A","TONER HP 414A MAGENTA","UND",{"v":0,"d":"0.00"},{"v":3400,"d":"RD$3,400.00"},{"v":0,"d":"RD$0.00"}]
["Oct-Dic 2022","2022-12-15","N/A","N/A","TONER HP 414A YELLOW","UND",{"v":0,"d":"0.00"},{"v":3400,"d":"RD$3,400.00"},{"v":0,"d":"RD$0.00"}]
["Oct-Dic 2022","2022-12-15","N/A","N/A","TONER HP 414A CYAN","UND",{"v":0,"d":"0.00"},{"v":3400,"d":"RD$3,400.00"},{"v":0,"d":"RD$0.00"}]
["Ene-Mar 2025","2025-02-03","N/A","N/A","Tóner Hp 206A (W2110A Black)","UND",{"v":7,"d":"7.00"},{"v":2564,"d":"RD$2,564.00"},{"v":17948,"d":"RD$17,948.00"}]
["Ene-Mar 2025","2025-02-03","N/A","N/A","Tóner Hp 206A (W2110A Cyan)","UND",{"v":13,"d":"13.00"},{"v":2564,"d":"RD$2,564.00"},{"v":33332,"d":"RD$33,332.00"}]
["Ene-Mar 2025","2025-02-03","N/A","N/A","Tóner Hp 206A (W2110A Yellow)","UND",{"v":10,"d":"10.00"},{"v":2564,"d":"RD$2,564.00"},{"v":25640,"d":"RD$25,640.00"}]
["Ene-Mar 2025","2025-02-03","N/A","N/A","Tóner Hp 206A (W2110A Magenta)","UND",{"v":11,"d":"11.00"},{"v":2564,"d":"RD$2,564.00"},{"v":28204,"d":"RD$28,204.00"}]
["Ene-Mar 2025","2025-02-03","N/A","N/A","Tóner Hp 105A Negro","UND",{"v":19,"d":"19.00"},{"v":2500,"d":"RD$2,500.00"},{"v":47500,"d":"RD$47,500.00"}]
["Ene-Mar 2025","2025-02-03","N/A","N/A","CARTUCHO HP 954 NEGRO","UND",{"v":0,"d":"0.00"},{"v":1800.34,"d":"RD$1,800.34"},{"v":0,"d":"RD$0.00"}]
["Ene-Mar 2025","2025-02-03","N/A","N/A"," CARTUCHO HP 954 MAGENTA","UND",{"v":0,"d":"0.00"},{"v":1259.9,"d":"RD$1,259.90"},{"v":0,"d":"RD$0.00"}]
["Ene-Mar 2025","2025-02-03","N/A","N/A","CARTUCHO HP 954 AMARILLO","UND",{"v":0,"d":"0.00"},{"v":1259.9,"d":"RD$1,259.90"},{"v":0,"d":"RD$0.00"}]
["Ene-Mar 2025","2025-02-03","N/A","N/A","CARTUCHO HP 954  AZUL ","UND",{"v":0,"d":"0.00"},{"v":1259.9,"d":"RD$1,259.90"},{"v":0,"d":"RD$0.00"}]
["Oct-Dic 2021","30/11/2021","N/A","N/A","Toner HP 30A BLACK CF230A","UND",{"v":9,"d":"9.00"},{"v":1150,"d":"RD$1,150.00"},{"v":10350,"d":"RD$10,350.00"}]
["Talonarios y Sellos"]
["ene-mar 2017","2017-01-27","N/A","F001","Caja Chica regional norte","BLO",null,{"v":125,"d":"RD$125.00"},{"$f":"G:G*H:H","v":{"v":0,"d":"RD$0.00"}}]
["jul-sept 2017","2017-08-04","N/A","N/A","Caja Chica Laboratorio","BLO",null,{"v":125,"d":"RD$125.00"},{"$f":"G:G*H:H","v":{"v":0,"d":"RD$0.00"}}]
["jul-sept 2017","2017-08-04","N/A","N/A","Caja Chija Direccion General","BLO",{"v":3,"d":"3.00"},{"v":125,"d":"RD$125.00"},{"$f":"+G271*H271","v":{"v":375,"d":"RD$375.00"}}]
["jul-sept 2017","2017-08-04","N/A","N/A","Caja Chija Direccion Administrativa ","BLO",null,{"v":125,"d":"RD$125.00"},{"$f":"+G272*H272","v":{"v":0,"d":"RD$0.00"}}]
["Oct-Dic 2025","2025-11-28","N/A","N/A","Factura Pro-Forma Santo Domingo","BLO",{"v":20,"d":"20.00"},{"v":581.25,"d":"RD$581.25"},{"v":11625,"d":"RD$11,625.00"}]
["Abril-Jun 2024","16/04/2024","N/A","N/A","Facturas Pro-Forma Santiago","BLO",{"v":0,"d":"0.00"},{"v":581.25,"d":"RD$581.25"},{"v":0,"d":"RD$0.00"}]
["abril-jun 2016","1905-07-08","N/A","F002","Desembolso de Caja Chica","BLO",null,{"v":125,"d":"RD$125.00"},{"v":0,"d":"RD$0.00"}]
["abril-jun 2016","1905-07-08","N/A","F004","Reporte Evaluación división de Inspección  en Aduanas","BLO",null,{"v":385,"d":"RD$385.00"},{"v":0,"d":"RD$0.00"}]
["Oct-Dic 2023","22/12/2023","N/A","F005","Formulario Aut. de permisos, tardanzas y ausencias","BLO",{"v":16,"d":"16.00"},{"v":245,"d":"RD$245.00"},{"v":3920,"d":"RD$3,920.00"}]
["ene-mar 2017","2017-01-27","N/A","F006","Formulario de Reparadores Autorizados (RPA)","BLO",null,{"v":250,"d":"RD$250.00"},{"v":0,"d":"RD$0.00"}]
["N/A","N/A","N/A","F007","Sección de certif. de Reglamentos técnicos en aduana","BLO",{"v":0,"d":"0.00"},{"v":245,"d":"RD$245.00"},{"v":0,"d":"RD$0.00"}]
["abril-jun 2016","1905-07-08","N/A","F008","Registro de Gastos menores","BLO",null,{"v":230,"d":"RD$230.00"},{"v":0,"d":"RD$0.00"}]
["Ene- Mar 2022","2022-02-17","N/A","N/A","Informe de Verificacion Medidores de Gas Natural Vehicular ","BLO",{"v":14,"d":"14.00"},{"v":515,"d":"RD$515.00"},{"v":7210,"d":"RD$7,210.00"}]
["Abril-Jun 2016","2016-06-08","N/A","F009","Formulario de Supervisión  de sellos de calidad","BLO",{"v":63,"d":"63.00"},{"v":250,"d":"RD$250.00"},{"v":15750,"d":"RD$15,750.00"}]
["Abril-Jun 2024","16/04/2024","N/A","F010","Formulario Verificación de Medidores de Flujo","BLO",{"v":5,"d":"5.00"},{"v":515,"d":"RD$515.00"},{"v":2575,"d":"RD$2,575.00"}]
["abril-junio 2022","2022-04-11","N/A","G057","Precinto de seguridad 100/1","PAQ",{"v":6,"d":"6.00"},{"v":4320,"d":"RD$4,320.00"},{"v":25920,"d":"RD$25,920.00"}]
["Abril-Jun 2024","16/04/2024","N/A","N/A","Surtidores de Combustible Liquido (SANTIAGO)","BLO",{"v":9,"d":"9.00"},{"v":738,"d":"RD$738.00"},{"v":6642,"d":"RD$6,642.00"}]
["Abril-Jun 2024","16/04/2024","N/A","F011","Formulario Verificación de Instrumentos de Pesar ","BLO",{"v":7,"d":"7.00"},{"v":225,"d":"RD$225.00"},{"v":1575,"d":"RD$1,575.00"}]
["abril-jun 2016","1905-07-08","N/A","F012","Formulario Verificación Medidores de Flujo Pro-Consumidor","BLO",null,{"v":225,"d":"RD$225.00"},{"v":0,"d":"RD$0.00"}]
["Abril-Jun 2024","16/04/2024","N/A","F013"," Surtidores de Combustibles Líquido (Santo Domingo)","BLO",{"v":35,"d":"35.00"},{"v":200,"d":"RD$200.00"},{"v":7000,"d":"RD$7,000.00"}]
["Oct-Dic 2025","2025-11-05","N/A","F014","Sellos Amarillos (Reparación) 1/1","UND",{"v":2003,"d":"2003.00"},{"v":4.75,"d":"RD$4.75"},{"v":9514.25,"d":"RD$9,514.25"}]
["Abril-Jun 2016","29/4/2016","N/A","N/A","Precinto Etiqueta Roja ","UND",{"v":250,"d":"250.00"},{"v":4.75,"d":"RD$4.75"},{"v":1187.5,"d":"RD$1,187.50"}]
["Abril-Jun 2025","2025-05-26","N/A","N/A","Precinto de seguridad plastico","UND",{"v":50,"d":"50.00"},{"v":9.5,"d":"RD$9.50"},{"v":475,"d":"RD$475.00"}]
["Oct-Dic 2025","2025-11-05","N/A","F015","Sellos Rojos (Rechazado) 1/1","UND",{"v":1852,"d":"1852.00"},{"v":3.5,"d":"RD$3.50"},{"v":6482,"d":"RD$6,482.00"}]
["Abril-Jun 2024","2023-01-11","N/A","F016","Sellos Azules (Aprobado) 1/1","UND",null,{"v":4.76,"d":"RD$4.76"},{"v":0,"d":"RD$0.00"}]
["Abril-Jun 2024","2017-02-23","N/A","F017","Sello modelo aprobado","UND",null,{"v":4.35,"d":"RD$4.35"},{"v":0,"d":"RD$0.00"}]
["Abril-Jun 2024","2023-02-15","N/A","F018","Recibo de Ingreso ","UND",null,{"v":125,"d":"RD$125.00"},{"v":0,"d":"RD$0.00"}]
["Abril-Jun 2024","1905-07-08","N/A","N/A","Recibo Provicional ","UND",null,{"v":125,"d":"RD$125.00"},{"v":0,"d":"RD$0.00"}]
["Abril-Jun 2024","1905-07-08","N/A","F019","Formulario Evaluacion RTD 458","UND",null,{"v":225,"d":"RD$225.00"},{"v":0,"d":"RD$0.00"}]
["Abril-Jun 2024","2018-09-11","N/A","N/A","Formulario Verificación Surtidores de Combustibles Líquidos  Pro-Consumidor","UND",null,{"v":225,"d":"RD$225.00"},{"v":0,"d":"RD$0.00"}]
["Oct-Dic 2025","2025-11-05","N/A","F016","Sellos Azules (Aprobado) 1/1","UND",{"v":10168,"d":"10168.00"},{"v":3.5,"d":"RD$3.50"},{"v":35588,"d":"RD$35,588.00"}]
["Oct-Dic 2023","22/12/2023","N/A","F018","Recibo de Ingreso ","BLO",{"v":24,"d":"24.00"},{"v":125,"d":"RD$125.00"},{"v":3000,"d":"RD$3,000.00"}]
["Ene-Mar 2024","2024-03-05","N/A","N/A","Sellos de Seguridad a prueba de Manipulación","UND",{"v":100000,"d":"100000.00"},{"v":10.51,"d":"RD$10.51"},{"v":1051000,"d":"RD$1,051,000.00"}]
["Cocina y Desechables"]
["Julio-Sept 2025","2025-08-07","N/A","C001","Azúcar Blanca","SAC",{"v":1,"d":"1.00"},{"v":4123,"d":"RD$4,123.00"},{"$f":"+G303*H303","v":{"v":4123,"d":"RD$4,123.00"}}]
["Julio-Sept 2025","2025-08-07","N/A","N/A","Leche Entera 12/1","UND",{"v":0,"d":"0.00"},{"v":100,"d":"RD$100.00"},{"$f":"+G304*H304","v":{"v":0,"d":"RD$0.00"}}]
["Julio-Sept 2025","2025-08-07","N/A","C002","Café 12/1","PAQ",{"v":55,"d":"55.00"},{"v":310,"d":"RD$310.00"},{"v":17050,"d":"RD$17,050.00"}]
["Abril-Jun 2024","2024-04-02","N/A","C003","Cuchara desechable 25/1","PAQ",null,{"v":350,"d":"RD$350.00"},{"v":0,"d":"RD$0.00"}]
["Oct-Dic 2024","2024-11-26","N/A","N/A","Fardo de Agua 20/1","FARDO",{"v":0,"d":"0.00"},{"v":225,"d":"RD$225.00"},{"v":0,"d":"RD$0.00"}]
["Oct-Dic 2024","2024-11-26","N/A","N/A","Te en polvo","LATA",{"v":0,"d":"0.00"},{"v":700,"d":"RD$700.00"},{"v":0,"d":"RD$0.00"}]
["N/A","N/A","N/A","C006","Plato desechable No. 6","PAQ",{"v":0,"d":"0.00"},{"v":35,"d":"RD$35.00"},{"v":0,"d":"RD$0.00"}]
["Ene-Mar 2023","2023-03-15","N/A","C002","Café 12/1","PAQ",null,{"v":310,"d":"RD$310.00"},{"v":0,"d":"RD$0.00"}]
["Julio-Sept 2025","2025-07-18","N/A","C007","Rollo papel higiénico Jumbo 12/1","FARDO",{"v":29,"d":"29.00"},{"v":1125,"d":"RD$1,125.00"},{"v":32625,"d":"RD$32,625.00"}]
["Julio-Sept 2025","2025-07-18","N/A","C008","Rollo papel para manos 6/1","UND",{"v":54,"d":"54.00"},{"v":156.25,"d":"RD$156.25"},{"v":8437.5,"d":"RD$8,437.50"}]
["Ene-Mar 2024","2024-03-06","N/A","C009","Servilleta","UND",{"v":0,"d":"0.00"},{"v":90,"d":"RD$90.00"},{"v":0,"d":"RD$0.00"}]
["Jul-Sept 2022","2022-08-12","N/A","N/A","Azucar Crema","UND",{"v":18,"d":"18.00"},{"v":90,"d":"RD$90.00"},{"v":1620,"d":"RD$1,620.00"}]
["Abril-Jun 2025","2025-05-28","N/A","N/A","Agua Saborizada ICE","UND",{"v":0,"d":"0.00"},{"v":82,"d":"RD$82.00"},{"v":0,"d":"RD$0.00"}]
["Abril-Jun 2025","2025-05-28","N/A","N/A","Agua Planeta Azul","UND",{"v":0,"d":"0.00"},{"v":11,"d":"RD$11.00"},{"v":0,"d":"RD$0.00"}]
["Abril-Jun 2025","2025-05-28","N/A","N/A","Galletas Milano","UND",{"v":0,"d":"0.00"},{"v":48,"d":"RD$48.00"},{"v":0,"d":"RD$0.00"}]
["Abril-Jun 2025","2025-05-28","N/A","N/A","Agua 8oz","UND",{"v":0,"d":"0.00"},{"v":12.5,"d":"RD$12.50"},{"v":0,"d":"RD$0.00"}]
["Abril-Jun 2025","2025-05-28","N/A","N/A","Agua Saborizada Lata","UND",{"v":392,"d":"392.00"},{"v":37.5,"d":"RD$37.50"},{"v":14700,"d":"RD$14,700.00"}]
["Abril-Jun 2025","2025-05-28","N/A","N/A","Semillas Entera","UND",{"v":0,"d":"0.00"},{"v":1590,"d":"RD$1,590.00"},{"v":0,"d":"RD$0.00"}]
["Abril-Jun 2025","2025-05-28","N/A","N/A","Semillas Variadas","UND",{"v":0,"d":"0.00"},{"v":1200,"d":"RD$1,200.00"},{"v":0,"d":"RD$0.00"}]
["Abril-Jun 2025","2025-05-28","N/A","N/A","Galletas Granola ","UND",{"v":0,"d":"0.00"},{"v":35.41,"d":"RD$35.41"},{"v":0,"d":"RD$0.00"}]
["Abril-Jun 2025","2025-05-28","N/A","N/A","Juego de cuberteria desechable ","UND",{"v":250,"d":"250.00"},{"v":7.4,"d":"RD$7.40"},{"v":1850,"d":"RD$1,850.00"}]
["Abril-Jun 2025","2025-05-28","N/A","N/A","Plato desechable No. 6","UND",{"v":175,"d":"175.00"},{"v":4.2,"d":"RD$4.20"},{"v":735,"d":"RD$735.00"}]
["Abril-Jun 2025","2025-05-28","N/A","N/A","Plato desechable No. 9","UND",{"v":115,"d":"115.00"},{"v":10,"d":"RD$10.00"},{"v":1150,"d":"RD$1,150.00"}]
["Abril-Jun 2025","2025-05-28","N/A","N/A","Plato desechable bandeja 6*6","UND",{"v":288,"d":"288.00"},{"v":12.34,"d":"RD$12.34"},{"v":3553.92,"d":"RD$3,553.92"}]
["Abril-Jun 2025","2025-05-28","N/A","N/A","Vasos No 12","UND",{"v":400,"d":"400.00"},{"v":5.8,"d":"RD$5.80"},{"v":2320,"d":"RD$2,320.00"}]
["Abril-Jun 2025","2025-05-28","N/A","N/A","Cucharas desechables","UND",{"v":450,"d":"450.00"},{"v":2.05,"d":"RD$2.05"},{"v":922.4999999999999,"d":"RD$922.50"}]
["Abril-Jun 2025","2025-05-28","N/A","N/A","Plato desechable bandeja 8*8","UND",{"v":388,"d":"388.00"},{"v":22.43,"d":"RD$22.43"},{"v":8702.84,"d":"RD$8,702.84"}]
["Oct-Dic 2024","2024-11-26","N/A","C011","Cremora en Frasco","UND",{"v":0,"d":"0.00"},{"v":355.3,"d":"RD$355.30"},{"v":0,"d":"RD$0.00"}]
["Ene- Mar 2022","23/2/2022","N/A","C012","Azúcar splenda en sobres","CAJ",{"v":0.5,"d":"0.50"},{"v":410,"d":"RD$410.00"},{"v":205,"d":"RD$205.00"}]
["N/A","N/A","N/A","C013","Cremora coffee mate en sobre","CAJ",null,{"v":102,"d":"RD$102.00"},{"v":0,"d":"RD$0.00"}]
["abril-jun 2016","1905-07-08","N/A","C014","Azúcar blanca en sobres","PAQ",{"v":0,"d":"0.00"},{"v":320,"d":"RD$320.00"},{"v":0,"d":"RD$0.00"}]
[{"$nulls":8},{"v":0,"d":"RD$0.00"}]
[{"$nulls":8},{"v":0,"d":"RD$0.00"}]
["Oct-Dic 2024","2024-11-26","N/A","N/A","Té Rosa de Jamaica Mondaisa 20/1","UND",{"v":0,"d":"0.00"},{"v":5.52,"d":"RD$5.52"},{"v":0,"d":"RD$0.00"}]
["Oct-Dic 2024","2024-11-26","N/A","N/A","Té Jengibre con limón Mondaisa 20/1","UND",{"v":140,"d":"140.00"},{"v":5.52,"d":"RD$5.52"},{"v":772.8,"d":"RD$772.80"}]
["Oct-Dic 2024","2024-11-26","N/A","N/A","Té Manzanilla Mondaisa 20/1 ","UND",{"v":93,"d":"93.00"},{"v":5.52,"d":"RD$5.52"},{"v":513.36,"d":"RD$513.36"}]
["Jul-Sep 2024","2024-07-08","N/A","N/A","Té Verde con Limón 20/1","CAJ",{"v":0,"d":"0.00"},{"v":450,"d":"RD$450.00"},{"v":0,"d":"RD$0.00"}]
["Oct-Dic 2017","2017-10-20","N/A","C015","Encendedores ","UND",{"v":2,"d":"2.00"},{"v":375,"d":"RD$375.00"},{"v":750,"d":"RD$750.00"}]
["N/A","N/A","N/A","C016","Mesa para buffet 243X76X74","PAQ",{"v":0,"d":"0.00"},{"v":6250,"d":"RD$6,250.00"},{"v":0,"d":"RD$0.00"}]
["N/A","N/A","N/A","C017","Cuchara Desechable 1/250","PAQ",{"v":0,"d":"0.00"},{"v":75,"d":"RD$75.00"},{"v":0,"d":"RD$0.00"}]
["N/A","N/A","N/A","C018","Cubierto Desechable 1/25","PAQ",{"v":0,"d":"0.00"},{"v":90,"d":"RD$90.00"},{"v":0,"d":"RD$0.00"}]
["N/A","N/A","N/A","C019","Jugo Santal de Pera 12/1","PAQ",{"v":0,"d":"0.00"},{"v":60,"d":"RD$60.00"},{"v":0,"d":"RD$0.00"}]
["N/A","N/A","N/A","C020","Jugo Santal de Manzana 12/1","PAQ",{"v":0,"d":"0.00"},{"v":60,"d":"RD$60.00"},{"v":0,"d":"RD$0.00"}]
["N/A","N/A","N/A","C021","Sobre de te de Manzanillo, Tilo y Canela","CAJ",{"v":0,"d":"0.00"},{"v":30,"d":"RD$30.00"},{"v":0,"d":"RD$0.00"}]
["Ene-Mar 2022","2022-02-23","N/A","C012","Azucar Splenda en sobres","CAJ",null,{"v":410,"d":"RD$410.00"},{"v":0,"d":"RD$0.00"}]
["Oct-Dic 2017","2017-10-20","N/A","C015","Encendedores ","UN",null,{"v":375,"d":"RD$375.00"},{"v":0,"d":"RD$0.00"}]
["Ene-Mar 2022","2022-02-22","N/A","C022","Mascarilla ","CAJ",{"v":1,"d":"1.00"},{"v":400,"d":"RD$400.00"},{"v":400,"d":"RD$400.00"}]
["Oct-Dic 2021","13/10/2021","N/A","N/A","Sanitizante ","GAL",{"v":0.3,"d":"0.30"},{"v":6000,"d":"RD$6,000.00"},{"v":1800,"d":"RD$1,800.00"}]
["abril-jun 2016",2016,"N/A","C023","Gorros ","PAQ",null,{"v":90,"d":"RD$90.00"},{"$f":"G:G*H:H","v":{"v":0,"d":"RD$0.00"}}]
[]
["abril-jun 2016",2016,"N/A","L001","Aceite de motor 2 cycle","UN",{"v":0,"d":"0.00"},{"v":241.37,"d":"RD$241.37"},{"$f":"G:G*H:H","v":{"v":0,"d":"RD$0.00"}}]
["N/A","N/A","N/A","L002","Aceite de motor SAE 40","UN",{"v":0,"d":"0.00"},{"v":189.65,"d":"RD$189.65"},{"$f":"G:G*H:H","v":{"v":0,"d":"RD$0.00"}}]
["Oct-Dic 2021","2021-10-13","N/A","N/A","Sanitizante ","GAL",null,{"v":6000,"d":"RD$6,000.00"},{"$f":"G:G*H:H","v":{"v":0,"d":"RD$0.00"}}]
["Limpieza"]
["Abril-Jun 2016","2016-06-15","N/A","L003","Agua destilada para bateria","UND",{"v":1,"d":"1.00"},{"v":100,"d":"RD$100.00"},{"$f":"+G357*H357","v":{"v":100,"d":"RD$100.00"}}]
["Ene-Mar 2025","2025-01-27","N/A","L004","Ambientador en spray glade","UND",{"v":62,"d":"62.00"},{"v":140,"d":"RD$140.00"},{"$f":"+G358*H358","v":{"v":8680,"d":"RD$8,680.00"}}]
["Ene-Mar 2025","2025-01-27","N/A","L005","Brillo verde","UND",{"v":69,"d":"69.00"},{"v":40,"d":"RD$40.00"},{"v":2760,"d":"RD$2,760.00"}]
["Ene-Mar 2025","2025-01-27","N/A","L006","Brillo verde con esponja","UND",{"v":5,"d":"5.00"},{"v":60,"d":"RD$60.00"},{"v":300,"d":"RD$300.00"}]
["Ene-Mar 2025","2025-01-27","N/A","L007","Cepillo de pared","UN",{"v":0,"d":"0.00"},{"v":50,"d":"RD$50.00"},{"v":0,"d":"RD$0.00"}]
["Ene-Mar 2025","2025-01-27","N/A","L006","Brillo verde con esponja","UN",null,{"v":60,"d":"RD$60.00"},{"v":0,"d":"RD$0.00"}]
["Oct-Dic 2025","2025-11-12","N/A","L008","Cloro ","GAL",{"v":5,"d":"5.00"},{"v":74.75,"d":"RD$74.75"},{"v":373.75,"d":"RD$373.75"}]
["Abril-Jun 2022","30/5/2022","N/A","L009","Cubeta para limpieza","UND",{"v":2,"d":"2.00"},{"v":250,"d":"RD$250.00"},{"v":500,"d":"RD$500.00"}]
["Julio-Sept 2025","2025-07-18","N/A","L010","Desinfectante aromático","GAL",{"v":3,"d":"3.00"},{"v":290.67,"d":"RD$290.67"},{"v":872.01,"d":"RD$872.01"}]
["Ene-Mar 2025","2025-01-27","N/A","L011","Escoba plástica con palo","UND",{"v":55,"d":"55.00"},{"v":250,"d":"RD$250.00"},{"v":13750,"d":"RD$13,750.00"}]
["abril-jun 2016","1905-07-08","N/A","L012","Filtro Napa 21515","UN",null,{"v":550,"d":"RD$550.00"},{"v":0,"d":"RD$0.00"}]
[54,"1905-07-08","N/A","L013","Filtro para aire acondicionado","UN",null,{"v":1300,"d":"RD$1,300.00"},{"v":0,"d":"RD$0.00"}]
["Ene-Mar 2024","15/03/2024","N/A","L014","Funda para basura 100/1","PAQ",{"v":6,"d":"6.00"},{"v":500,"d":"RD$500.00"},{"v":3000,"d":"RD$3,000.00"}]
["Oct-Dic 2021","28/6/2023","N/A","L015","Gato Hidráulico","UN",{"v":0,"d":"0.00"},{"v":950,"d":"RD$950.00"},{"v":0,"d":"RD$0.00"}]
["Ene-Mar 2024","15/03/2024","N/A","L016","Guantes plásticos ","UND",{"v":72,"d":"72.00"},{"v":250,"d":"RD$250.00"},{"v":18000,"d":"RD$18,000.00"}]
["Oct-Dic 2021","2023-06-28","N/A","L017","Guantes plásticos desechables","CAJ",{"v":40,"d":"40.00"},{"v":225,"d":"RD$225.00"},{"v":9000,"d":"RD$9,000.00"}]
["Julio-Sept 2025","2025-11-12","N/A","L018","Jabón liquido lava platos","GAL",{"v":3,"d":"3.00"},{"v":177.25,"d":"RD$177.25"},{"v":531.75,"d":"RD$531.75"}]
["Julio-Sept 2025","2025-11-12","N/A","N/A","Desgrasante Líquido Multiusos","GAL",{"v":19,"d":"19.00"},{"v":317.8,"d":"RD$317.80"},{"v":6038.2,"d":"RD$6,038.20"}]
["Julio-Sept 2025","2025-07-18","N/A","L019","Jabón liquido para las manos","GAL",{"v":13,"d":"13.00"},{"v":166.42,"d":"RD$166.42"},{"v":2163.46,"d":"RD$2,163.46"}]
["Abril-Jun 2016","2016-06-08","N/A","L020","Llave de ruedas","UND",{"v":0,"d":"0.00"},{"v":450,"d":"RD$450.00"},{"v":0,"d":"RD$0.00"}]
["Oct-Dic 2023","18/12/2023","N/A","L021","Pala recogedora de basura","UND",{"v":3,"d":"3.00"},{"v":231,"d":"RD$231.00"},{"v":693,"d":"RD$693.00"}]
["Julio-Sept 2025","2025-07-18","N/A","L022","Pine Spuma","UND",{"v":14,"d":"14.00"},{"v":325,"d":"RD$325.00"},{"v":4550,"d":"RD$4,550.00"}]
["Oct-Dic 2025","2025-11-12","N/A","L023","Suape","UND",{"v":33,"d":"33.00"},{"v":275.43,"d":"RD$275.43"},{"v":9089.19,"d":"RD$9,089.19"}]
["abril-jun 2016","1905-07-08","N/A","L024","Tapa de ventilador","UND",{"v":0,"d":"0.00"},{"v":450,"d":"RD$450.00"},{"v":0,"d":"RD$0.00"}]
["Abril-Jun 2016","2016-07-08","N/A","L025","Esponja limpia cristales","UND",{"v":2,"d":"2.00"},{"v":235,"d":"RD$235.00"},{"v":470,"d":"RD$470.00"}]
["Ene-Mar 2024","15/03/2024","N/A","L026","Funda para zafacón 18X22","PAQ",{"v":13,"d":"13.00"},{"v":250,"d":"RD$250.00"},{"v":3250,"d":"RD$3,250.00"}]
["N/A","N/A","N/A","L027","AB desengrasante","UN",{"v":0,"d":"0.00"},{"v":250,"d":"RD$250.00"},{"v":0,"d":"RD$0.00"}]
["Ene-Mar 2023","2023-02-21","N/A","L026","Funda para zafacón 18X22","PAQ",null,{"v":250,"d":"RD$250.00"},{"v":0,"d":"RD$0.00"}]
["Abril-Jun 2016","2016-06-08","N/A","L028","limpia cristales","UND",{"v":0,"d":"0.00"},{"v":250,"d":"RD$250.00"},{"v":0,"d":"RD$0.00"}]
["Abril-Jun 2023","28/6/2023","N/A","L029","Detergente en polvo","UND",null,{"v":250,"d":"RD$250.00"},{"v":0,"d":"RD$0.00"}]
["ene-mar 2017","1905-07-04","N/A","L030","Cortina de  baño","UND",null,{"v":250,"d":"RD$250.00"},{"v":0,"d":"RD$0.00"}]
["ene-mar 2017","1905-07-04","N/A","L031","Extinguidores","UND",null,{"v":250,"d":"RD$250.00"},{"v":0,"d":"RD$0.00"}]
["Oct-Dic 2022","21/11/2022","N/A","L032","Zafacones de oficina","UND",null,{"v":250,"d":"RD$250.00"},{"v":0,"d":"RD$0.00"}]
["ene-mar 2017","1905-07-04","N/A","L033","Manguera 100 pies","UND",{"v":0,"d":"0.00"},{"v":250,"d":"RD$250.00"},{"v":0,"d":"RD$0.00"}]
["ene-mar 2017","1905-07-04","N/A","L034","Caja protectora del Control de Aire","UND",{"v":0,"d":"0.00"},{"v":250,"d":"RD$250.00"},{"v":0,"d":"RD$0.00"}]
["N/A","N/A","N/A","L035","Goma de Motor","UND",{"v":0,"d":"0.00"},{"v":250,"d":"RD$250.00"},{"v":0,"d":"RD$0.00"}]
["Ene-Mar 2017","1905-07-09","N/A","L030","Cortina de  baño","UND",null,{"v":250,"d":"RD$250.00"},{"v":0,"d":"RD$0.00"}]
["Ene-Mar 2017","2017-03-04","N/A","L036","Tanque de Gas 25 Lb.","UND",{"v":0,"d":"0.00"},{"v":250,"d":"RD$250.00"},{"v":0,"d":"RD$0.00"}]
["Ene-Mar 2024","15/03/2024","N/A","N/A","Zafacon Tapa y Pedal P/Baño Pequeño","UND",{"v":1,"d":"1.00"},{"v":250,"d":"RD$250.00"},{"v":250,"d":"RD$250.00"}]
["Ene-Mar 2023","21/2/2023","N/A","N/A","Zafacon Tapa y Pedal P/Baño Grande","UND",null,{"v":250,"d":"RD$250.00"},{"v":0,"d":"RD$0.00"}]
["Oct-Dic 2025","2025-11-12","N/A","N/A","Abrillantador de gomas ","GAL",{"v":26,"d":"26.00"},{"v":733,"d":"RD$733.00"},{"v":19058,"d":"RD$19,058.00"}]
["Oct-Dic 2025","2025-11-12","N/A","N/A","Shampoo","UND",{"v":49,"d":"49.00"},{"v":250,"d":"RD$250.00"},{"v":12250,"d":"RD$12,250.00"}]
["Ene-Mar 2024","15/03/2024","N/A","N/A","Armor All Transparente","UND",{"v":0,"d":"0.00"},{"v":2500,"d":"RD$2,500.00"},{"v":0,"d":"RD$0.00"}]
["Ene-Mar 2025","2025-01-27","N/A","L038","Toallas para Limpieza","UND",{"v":101,"d":"101.00"},{"v":110,"d":"RD$110.00"},{"v":11110,"d":"RD$11,110.00"}]
["ene-mar 2017",2012,"N/A","L039","Carrito con Exprimidor","UN",{"v":0,"d":"0.00"},{"v":850,"d":"RD$850.00"},{"$f":"G:G*H:H","v":{"v":0,"d":"RD$0.00"}}]
["abril-jun 2016",2016,"N/A","L040","Termo Grande Café","UN",{"v":0,"d":"0.00"},{"v":2600,"d":"RD$2,600.00"},{"$f":"G:G*H:H","v":{"v":0,"d":"RD$0.00"}}]
["N/A","N/A","N/A","L041","Termo Mediano Café","UN",{"v":0,"d":"0.00"},{"v":1900,"d":"RD$1,900.00"},{"$f":"G:G*H:H","v":{"v":0,"d":"RD$0.00"}}]
["Provisional "]
["N/A","N/A","N/A","CP001","Camisa con logo de Indocal","UN",{"v":0,"d":"0.00"},{"v":250,"d":"RD$250.00"},{"$f":"+G405*H405","v":{"v":0,"d":"RD$0.00"}}]
["N/A","N/A","N/A","CP002","Pantalon Jeans con logo de Indocal ","UN",{"v":0,"d":"0.00"},{"v":300,"d":"RD$300.00"},{"$f":"+G406*H406","v":{"v":0,"d":"RD$0.00"}}]
["N/A","N/A","N/A","CP003","Pantalla Proyector ","UN",{"v":0,"d":"0.00"},{"v":950,"d":"RD$950.00"},{"v":0,"d":"RD$0.00"}]
["abril-jun 2016",2016,"N/A","CP004","Foto Celda","UN",{"v":0,"d":"0.00"},{"v":400,"d":"RD$400.00"},{"v":0,"d":"RD$0.00"}]
["N/A","N/A","N/A","CP005","Tubo de Motor","UN",{"v":0,"d":"0.00"},{"v":200,"d":"RD$200.00"},{"v":0,"d":"RD$0.00"}]
["Oct-Dic 2017","2017-10-20","N/A","CP009","Bombillo Espiral 65w Osram","UN",{"v":0,"d":"0.00"},{"v":670,"d":"RD$670.00"},{"v":0,"d":"RD$0.00"}]
["jul-sep 2018","27/07/2018","N/A","N/A","Pera Inodoro Azul P-B6025 Coflex ","UNID",{"v":0,"d":"0.00"},{"v":158,"d":"RD$158.00"},{"v":0,"d":"RD$0.00"}]
["jul-sep 2018","27/07/2018","N/A","N/A","Balancin Inodoro PB5061 Plomer","UNID. ",{"v":0,"d":"0.00"},{"v":99,"d":"RD$99.00"},{"v":0,"d":"RD$0.00"}]
["Abril-Jun 2024","2024-06-10","N/A","N/A","BREAKER Doble 60Amp 40IN-LBS (THQC2160WL)","UN",{"v":0,"d":"0.00"},{"v":2000,"d":"RD$2,000.00"},{"$f":"+G413*H413","v":{"v":0,"d":"RD$0.00"}}]
["Oct-Dic 2022","2022-12-05","N/A","CP010","BREAKER Doble 60Amp 45IN-LBS (THQL2160)","UND",{"v":4,"d":"4.00"},{"v":1889.92,"d":"RD$1,889.92"},{"$f":"+G414*H414","v":{"v":7559.68,"d":"RD$7,559.68"}}]
["ene-mar 2024","2024-03-21","N/A","CP011","Tubo Fluorescente 9w","UND",{"v":0,"d":"0.00"},{"v":185,"d":"RD$185.00"},{"v":0,"d":"RD$0.00"}]
["N/A","N/A","N/A","Liq. Freno ","Liquido de Freno","UND",{"v":0,"d":"0.00"},{"v":96,"d":"RD$96.00"},{"v":0,"d":"RD$0.00"}]
["Ene-Mar 2023","2023-02-21","N/A","L038","Toallas para Limpieza","UND",null,{"v":110,"d":"RD$110.00"},{"v":0,"d":"RD$0.00"}]
["abril-jun 2016","1905-07-08","N/A","TP019","Power Streering","UND",null,{"v":150,"d":"RD$150.00"},{"v":0,"d":"RD$0.00"}]
["Oct-Dic 2022","2022-12-05","N/A","CP014","Tubo Fluorescente 32w","UND",null,{"v":124,"d":"RD$124.00"},{"v":0,"d":"RD$0.00"}]
["Oct-Dic 2020","2020-11-13","N/A","CP015","Bateria de Vehiculos Motorcraft ","UND",{"v":0,"d":"0.00"},{"v":6369,"d":"RD$6,369.00"},{"v":0,"d":"RD$0.00"}]
["abril-jun 2016","1905-07-08","N/A","CP016","Correa Santa Fe","UND",null,{"v":2217.5,"d":"RD$2,217.50"},{"v":0,"d":"RD$0.00"}]
["abril-jun 2016","1905-07-08","N/A","TUBO","Tubo Fluorescente 18w","UND",{"v":0,"d":"0.00"},{"v":450,"d":"RD$450.00"},{"v":0,"d":"RD$0.00"}]
["N/A","N/A","N/A","FILTRO L200","Filtro de aceite Mitsubishi L200","UND",{"v":0,"d":"0.00"},{"v":275.35,"d":"RD$275.35"},{"v":0,"d":"RD$0.00"}]
["N/A","N/A","N/A","MOTOR","Motocicleta SUZUKI AX100","UND",{"v":0,"d":"0.00"},{"v":50000,"d":"RD$50,000.00"},{"v":0,"d":"RD$0.00"}]
["abril-jun 2016","1905-07-08","N/A","N/A","Aceite de Motor 10w 40","UND",{"v":0,"d":"0.00"},{"v":215,"d":"RD$215.00"},{"v":0,"d":"RD$0.00"}]
["ene-mar 2017","2017-02-16","N/A","N/A","Aceite de Motor 15w 40","UND",null,{"v":220,"d":"RD$220.00"},{"v":0,"d":"RD$0.00"}]
["oct-dic 2018","2018-10-19","N/A","N/A","Archivo Muerto ","UND",null,{"v":105.93,"d":"RD$105.93"},{"v":0,"d":"RD$0.00"}]
["oct-dic 2018","2018-10-19","N/A","N/A","Archivo Maletin ","UND",null,{"v":80.5,"d":"RD$80.50"},{"v":0,"d":"RD$0.00"}]
["abril-jun 2017","2017-06-15","N/A","N/A","Rollo Protter de 36\"","UND",{"v":0,"d":"0.00"},{"v":995.76,"d":"RD$995.76"},{"v":0,"d":"RD$0.00"}]
["oct-dic 2018","2018-10-19","N/A","N/A","Archivo Muerto ","UND",null,{"v":50,"d":"RD$50.00"},{"v":0,"d":"RD$0.00"}]
["Octu-Dic 2022","2022-12-05","N/A","CP014","Tubo Fluorescente 32w","UND",null,{"v":124,"d":"RD$124.00"},{"v":0,"d":"RD$0.00"}]
["Abril-Junio 2016","N/A","N/A","CP016","Correa Santa Fe","UND",null,{"v":2217,"d":"RD$2,217.00"},{"v":0,"d":"RD$0.00"}]
["oct-dic 2017","20/10/2017","N/A","N/A","Transformadores electronico 3x32w","UND",{"v":4,"d":"4.00"},{"v":750,"d":"RD$750.00"},{"v":3000,"d":"RD$3,000.00"}]
["abril-jun 2021","21/6/2021","N/A","N/A","Brazo Hidraulico para puertas ","UND",null,{"v":1900,"d":"RD$1,900.00"},{"v":0,"d":"RD$0.00"}]
["oct- dic 2020","2020-12-06","N/A","PINTURA","Pintura ACR 1 cubeta/SAHARA 89 POPULAR ","UND",null,{"v":4050,"d":"RD$4,050.00"},{"v":0,"d":"RD$0.00"}]
["Ene-Mar 2025","2025-01-27","N/A","N/A","Piedra para baño arom 1.4 oz ","UND",{"v":0,"d":"0.00"},{"v":250,"d":"RD$250.00"},{"v":0,"d":"RD$0.00"}]
["jul-sep 2019","2019-08-07","N/A","N/A","Cartulina de Hilo Crema","UND",{"v":0,"d":"0.00"},{"v":378,"d":"RD$378.00"},{"v":0,"d":"RD$0.00"}]
["Abril-Junio 2021","2021-06-21","N/A","N/A","Brazo Hidraulico para puertas ","UND",null,{"v":1900,"d":"RD$1,900.00"},{"v":0,"d":"RD$0.00"}]
["Ene-Mar 2023","2023-02-21","N/A","N/A","Piedra para baño arom 1.4 oz ","UND",null,{"v":250,"d":"RD$250.00"},{"v":0,"d":"RD$0.00"}]
["Julio-Sept 2024","2024-07-11","N/A","N/A","Balancin Inodoro 681135 Cromo Fluidmaster","UND",{"v":3,"d":"3.00"},{"v":265,"d":"RD$265.00"},{"v":795,"d":"RD$795.00"}]
["abril-jun 2021","2021-04-09","N/A","N/A","Porta Papel Higienico","UND",{"v":0,"d":"0.00"},{"v":965,"d":"RD$965.00"},{"v":0,"d":"RD$0.00"}]
["abril-jun 2021","2021-04-09","N/A","N/A","Porta papel Toalla","UN",null,{"v":965,"d":"RD$965.00"},{"v":0,"d":"RD$0.00"}]
["abril-jun 2016","1905-07-08","N/A","N/A","Cascos Protectores","UN",null,{"v":250,"d":"RD$250.00"},{"v":0,"d":"RD$0.00"}]
["abril-jun 2019","2019-06-25","N/A","N/A","MICROONDAS","UN",{"v":0,"d":"0.00"},{"v":7754.24,"d":"RD$7,754.24"},{"v":0,"d":"RD$0.00"}]
["abril-jun 2019","2019-04-30","N/A","N/A","Pintura ACR 1 GALON/SAHARA 89 POPULAR ","UN",{"v":0,"d":"0.00"},{"v":890,"d":"RD$890.00"},{"v":0,"d":"RD$0.00"}]
["abril-jun 2019","2019-04-30","N/A","N/A","CANELETA ","UN",null,{"v":80,"d":"RD$80.00"},{"v":0,"d":"RD$0.00"}]
["Abril-Junio 2021","2021-04-09","N/A","N/A","Porta papel Toalla","UN",null,{"v":965,"d":"RD$965.00"},{"v":0,"d":"RD$0.00"}]
["oct-dic 2018","2018-10-19","N/A","N/A","Protectores de Pie ","PAQ",{"v":9,"d":"9.00"},{"v":250,"d":"RD$250.00"},{"v":2250,"d":"RD$2,250.00"}]
["abril-junio 2020","2020-07-05","N/A","N/A","Gel de Camionetas ","UN",null,{"v":100,"d":"RD$100.00"},{"v":0,"d":"RD$0.00"}]
["abril-junio 2020","2020-06-30","N/A","N/A","Prueba del COVID19","CAJ",{"v":0,"d":"0.00"},{"v":16975,"d":"RD$16,975.00"},{"v":0,"d":"RD$0.00"}]
["Ene-Marzo 2020","2020-02-26","N/A","N/A","Leche Entera ","UN",null,{"v":80,"d":"RD$80.00"},{"v":0,"d":"RD$0.00"}]
[{"$f":"$A$389","v":"Oct-Dic 2022"},"2020-12-23","N/A","N/A","Gel de Camionetas ","UN",null,{"v":100,"d":"RD$100.00"},{"v":0,"d":"RD$0.00"}]
["Jul-Sept 2023","21/9/2023","N/A","N/A","Alcohol Isopropilico al 70% ","UN",{"v":0,"d":"0.00"},{"v":750,"d":"RD$750.00"},{"v":0,"d":"RD$0.00"}]
["abril-junio 2020","2020-05-07","N/A","N/A","Lentes protectores ","UND",{"v":19,"d":"19.00"},{"v":450,"d":"RD$450.00"},{"v":8550,"d":"RD$8,550.00"}]
["Ene-Mar 2022","2022-02-22","N/A","N/A","Mascarillas KN95 20/1","UND",null,{"v":35,"d":"RD$35.00"},{"v":0,"d":"RD$0.00"}]
["Ene-Mar 2022","22/2/2022","N/A","N/A","Mascarilla Kn95 20/1","UND",{"v":270,"d":"270.00"},{"v":35,"d":"RD$35.00"},{"v":9450,"d":"RD$9,450.00"}]
["Jul-Sep 2021","15/8/2021","N/A","N/A","Mascarilla de Tela","UND",{"v":0,"d":"0.00"},{"v":90,"d":"RD$90.00"},{"v":0,"d":"RD$0.00"}]
["Ene-Mar 2022","2022-02-22","N/A","N/A","Mascarilla Quirurgica","UND",null,{"v":35,"d":"RD$35.00"},{"v":0,"d":"RD$0.00"}]
["julio-sept. 2021","2021-08-15","N/A","N/A","Mascarillas de tela","UND",null,{"v":90,"d":"RD$90.00"},{"v":0,"d":"RD$0.00"}]
["oct-dic 2017","2017-10-20","N/A","N/A","Bombillo espiral 20w ","UND",null,{"v":170,"d":"RD$170.00"},{"v":0,"d":"RD$0.00"}]
["Oct-Dic- 2019","2019-11-28","N/A","N/A","Estufa Whirlpool M.","UND",null,{"v":22795,"d":"RD$22,795.00"},{"v":0,"d":"RD$0.00"}]
["Oct-Dic- 2019","2019-11-28","N/A","N/A","TV Led Tecnomaster","UND",null,{"v":18695,"d":"RD$18,695.00"},{"v":0,"d":"RD$0.00"}]
["Oct-Dic- 2019","2019-11-28","N/A","N/A","Lavad. Whirlpool WW.","UND",null,{"v":21995,"d":"RD$21,995.00"},{"v":0,"d":"RD$0.00"}]
["Oct-Dic- 2019","2019-11-28","N/A","N/A","A.A. NV. Tecnom M. A. 12KBTU","UND",null,{"v":24995,"d":"RD$24,995.00"},{"v":0,"d":"RD$0.00"}]
["Oct-Dic- 2019","2019-11-28","N/A","N/A","Nevera Whirlpool W.","UND",null,{"v":28995,"d":"RD$28,995.00"},{"v":0,"d":"RD$0.00"}]
["jul - Sept 2020","2020-08-06","N/A","N/A","Flota de Madera","UND",{"v":1,"d":"1.00"},{"v":62,"d":"RD$62.00"},{"v":62,"d":"RD$62.00"}]
["jul - Sept 2020","2020-08-06","N/A","N/A","Flota de Goma","UND",null,{"v":208,"d":"RD$208.00"},{"v":0,"d":"RD$0.00"}]
["jul - Sept 2020","2020-08-06","N/A","N/A","Cincer","UND",null,{"v":218,"d":"RD$218.00"},{"v":0,"d":"RD$0.00"}]
["jul - Sept 2020","2020-08-06","N/A","N/A","Llavin de puerta","UND",null,{"v":2035,"d":"RD$2,035.00"},{"v":0,"d":"RD$0.00"}]
["Jul-Sep 2020","2020-08-06","N/A","N/A","Flota de Madera","UND",null,null,{"v":0,"d":"RD$0.00"}]
["jul - Sept 2020","2020-08-06","N/A","N/A","Contactor Aire ","UND",null,{"v":200,"d":"RD$200.00"},{"v":0,"d":"RD$0.00"}]
["jul - Sept 2020","2020-07-08","N/A","N/A","Pintura de Trafico ","UND",{"v":1,"d":"1.00"},{"v":2011,"d":"RD$2,011.00"},{"v":2011,"d":"RD$2,011.00"}]
["oct-dic 2017","2017-10-20","N/A","N/A","Bota de Seguridad ","UND",null,{"v":2500,"d":"RD$2,500.00"},{"v":0,"d":"RD$0.00"}]
["Abril-Jun 2024","2024-06-18","N/A","N/A","Masilla Siliconada","UND",{"v":6,"d":"6.00"},{"v":1969,"d":"RD$1,969.00"},{"v":11814,"d":"RD$11,814.00"}]
["Abril-Jun 2024","2024-06-12","N/A","N/A","Colchones para Dormir","UND",{"v":0,"d":"0.00"},{"v":2326,"d":"RD$2,326.00"},{"v":0,"d":"RD$0.00"}]
["jul - Sept 2020","2020-08-06","N/A","N/A","Pintura de Trafico ","UND",null,{"v":2011,"d":"RD$2,011.00"},{"v":0,"d":"RD$0.00"}]
[2016,"2016-07-08","N/A","N/A","Lampara de Emergencia","UND",{"v":0,"d":"0.00"},{"v":1000,"d":"RD$1,000.00"},{"v":0,"d":"RD$0.00"}]
["oct-dic 2017","2017-10-20","N/A","N/A","Filtro de Aire ","UND",null,{"v":150,"d":"RD$150.00"},{"$f":"+G478*H478","v":{"v":0,"d":"RD$0.00"}}]
["oct-dic 2017","2017-10-20","N/A","N/A","Modular Aereo ","UND",{"v":0,"d":"0.00"},{"v":2000,"d":"RD$2,000.00"},{"v":0,"d":"RD$0.00"}]
["Julio-Sept 2021","2021-07-28","N/A","N/A","Mondaisa Te Manzana","UND",null,{"v":127,"d":"RD$127.00"},{"v":0,"d":"RD$0.00"}]
["Oct-Dic 2017","N/A","N/A","N/A","Filtro de Aire","UND",null,{"v":150,"d":"RD$150.00"},{"v":0,"d":"RD$0.00"}]
["Julio-Sept 2021","2021-07-28","N/A","N/A","Mondaisa Te Jenjibre","UND",null,{"v":220,"d":"RD$220.00"},{"v":0,"d":"RD$0.00"}]
["Julio-Sept 2021","2021-07-28","N/A","N/A","Mondaisa Te Verde","UND",null,{"v":220,"d":"RD$220.00"},{"v":0,"d":"RD$0.00"}]
["Julio-Sept 2021","2021-07-28","N/A","N/A","Mondaisa Te Manzanilla","UND",null,{"v":220,"d":"RD$220.00"},{"v":0,"d":"RD$0.00"}]
["Julio-Sept 2021","2021-07-28","N/A","N/A","Mondaisa Te Frutas Mi ","UND",null,{"v":127,"d":"RD$127.00"},{"v":0,"d":"RD$0.00"}]
["Julio-Sept 2021","2020-10-14","N/A","N/A","Azúcar Crema ","UND",null,{"v":131,"d":"RD$131.00"},{"v":0,"d":"RD$0.00"}]
["Julio-Sept 2021","2020-10-14","N/A","N/A","Splenda Original ","UND",null,{"v":327,"d":"RD$327.00"},{"v":0,"d":"RD$0.00"}]
["Julio-Sept 2021","2021-07-28","N/A","N/A","Mondaisa Te Verde","UND",null,{"v":220,"d":"RD$220.00"},{"v":0,"d":"RD$0.00"}]
["Ene-Mar 2023","2023-10-03","N/A","N/A","Mondaisa Flor de Jamaica","UND",null,{"v":350,"d":"RD$350.00"},{"v":0,"d":"RD$0.00"}]
["Ene-Mar 2023","2023-10-03","N/A","N/A","Mondaisa Frutos Rojos","UND",null,{"v":350,"d":"RD$350.00"},{"v":0,"d":"RD$0.00"}]
["Julio-Sept 2023","2023-09-05","N/A","N/A","Camisas Mangas Largas INDOCAL","UND",{"v":0,"d":"0.00"},{"v":1250,"d":"RD$1,250.00"},{"v":0,"d":"RD$0.00"}]
["Julio-Sept 2023","2023-09-05","N/A","N/A","Camisas Mangas Cortas INDOCAL","UND",{"v":0,"d":"0.00"},{"v":1200,"d":"RD$1,200.00"},{"v":0,"d":"RD$0.00"}]
["Julio-Sept 2023","2023-09-05","N/A","N/A","T-Shirt Blancos INDOCAL","UND",{"v":0,"d":"0.00"},{"v":750,"d":"RD$750.00"},{"v":0,"d":"RD$0.00"}]
["Julio-Sept 2023","2023-09-05","N/A","N/A","Pantalones Jeans INDOCAL","UND",{"v":20,"d":"20.00"},{"v":850,"d":"RD$850.00"},{"v":17000,"d":"RD$17,000.00"}]
["Oct-Dic 2017","20/10/2017","N/A","N/A","Llave de Lavamanos ","UND",{"v":0,"d":"0.00"},{"v":250,"d":"RD$250.00"},{"v":0,"d":"RD$0.00"}]
["Oct-Dic 2022","2022-12-06","N/A","N/A","Kit Control Acceso","UND",{"v":0,"d":"0.00"},{"v":16238.34,"d":"RD$16,238.34"},{"v":0,"d":"RD$0.00"}]
["N/A","N/A","N/A","N/A","Filtro de aire de Planta","UND",{"v":0,"d":"0.00"},{"v":540,"d":"RD$540.00"},{"v":0,"d":"RD$0.00"}]
["N/A","N/A","N/A","N/A","Botellon de Goma ","UN",null,{"v":120,"d":"RD$120.00"},{"$f":"+G498*H498","v":{"v":0,"d":"RD$0.00"}}]
[]
[2016,2016,"N/A","N/A","Botellon de Goma ","UN",null,{"v":120,"d":"RD$120.00"},{"v":0,"d":"RD$0.00"}]
["Oct-Dic 2022","2022-11-28","N/A","N/A","Impresora Epson Econtan L5290 Multifuncional","UN",null,{"v":27650,"d":"RD$27,650.00"},{"$f":"+G501*H501","v":{"v":0,"d":"RD$0.00"}}]
[{"$nulls":4},"Rodamientos ","UN",null,{"v":280,"d":"RD$280.00"},{"$f":"G502*H502","v":{"v":0,"d":"RD$0.00"}}]
["Abril-Junio 2019","2019-06-23","N/A","N/A","Gomas de Camioneta 215/75 R15","UN",null,{"v":5000,"d":"RD$5,000.00"},{"$f":"G503*H503","v":{"v":0,"d":"RD$0.00"}}]
["Abril-Junio 2021","2021-06-23","N/A","N/A","Gomas de Camioneta 195R14C","UN",null,{"v":5897.24,"d":"RD$5,897.24"},{"v":0,"d":"RD$0.00"}]
["                                                                                                                                                                                                                                               ",{"$nulls":7},{"$f":"SUM(I14:I504)","v":{"v":2490206.2399999998,"d":"RD$2,490,206.24"}}]
[]
["Realizado Por:",{"$nulls":6},"        Revisado Por:"]
[]
["Yudis Mariñez ",{"$nulls":5},"Yasmin de la Cruz "]
["Secretaria de Almacen y Suministro",{"$nulls":5},"Enc. de Almacén y Suministro "]